{"text_format":"3","workbook":"xlsx","n_sheets":17,"sheets":["财务收支预算总表","部门收入预算表","部门支出预算表","财政拨款收支预算总表","一般公共预算支出预算表（按功能科目分类）","一般公共预算“三公”经费支出预算表","部门基本支出预算表","部门项目支出预算表","项目支出绩效目标表（本次下达）","政府性基金预算支出预算表","部门政府采购预算表","政府购买服务预算表","市对下转移支付预算表","市对下转移支付绩效目标表","新增资产配置表","上级补助项目支出预算表","部门项目中期规划预算表"],"not_rendered":{"defined_names":2},"read":"whole","date_system":"1900"}

{"sheet":"财务收支预算总表","index":0,"n_rows":36,"n_cols":4,"rows_kept":36,"merged":[[1,0,1,3],[2,0,2,1],[3,0,3,1],[3,2,3,3]]}
[{"$nulls":3},"01-1表"]
["2024年财务收支预算总表"]
["单位名称：云南省精神病医院",null,null,"单位：元"]
["收　　　　　　　　入",null,"支　　　　　　　　出"]
["项      目","预算数","项目(按功能分类)","预算数"]
["一、一般公共预算拨款收入",{"v":42567638.4,"d":"42,567,638.40"}," 一、一般公共服务支出"]
["二、政府性基金预算拨款收入",null," 二、外交支出"]
["三、国有资本经营预算拨款收入",null," 三、国防支出"]
["四、财政专户管理资金收入",null," 四、公共安全支出"]
["五、单位资金",{"v":272610557.56,"d":"272,610,557.56"}," 五、教育支出"]
["1、事业收入",{"v":272610557.56,"d":"272,610,557.56"}," 六、科学技术支出 "]
["2、事业单位经营收入",null," 七、文化旅游体育与传媒支出"]
["3、上级补助收入",null," 八、社会保障和就业支出",{"v":17354332.87,"d":"17,354,332.87"}]
["4、附属单位上缴收入",null," 九、卫生健康支出",{"v":287123863.09,"d":"287,123,863.09"}]
["5、其他收入",null," 十、节能环保支出"]
[null,null," 十一、城乡社区支出"]
[null,null," 十二、农林水支出"]
[null,null," 十三、交通运输支出"]
[null,null," 十四、资源勘探工业信息等支出"]
[null,null," 十五、商业服务业等支出"]
[null,null," 十六、金融支出"]
[null,null," 十七、援助其他地区支出"]
[null,null," 十八、自然资源海洋气象等支出"]
[null,null," 十九、住房保障支出",{"v":10700000,"d":"10,700,000.00"}]
[null,null," 二十、粮油物资储备支出"]
[null,null," 二十一、国有资本经营预算支出"]
[null,null," 二十二、灾害防治及应急管理支出"]
[null,null," 二十三、预备费"]
[null,null," 二十四、其他支出"]
[null,null," 二十五、转移性支出"]
[null,null," 二十六、债务付息支出"]
["本年收入合计",{"v":315178195.96,"d":"315,178,195.96"},"本年支出合计",{"v":315178195.96,"d":"315,178,195.96"}]
["上年结转结余",null,"年终结转结余"]
["1、财政拨款结转结余",null,"1、财政拨款结转结余"]
["2、使用非财政拨款结余",null,"2、非财政拨款结余"]
["收  入  总  计",{"v":315178195.96,"d":"315,178,195.96"},"支  出  总  计",{"v":315178195.96,"d":"315,178,195.96"}]

{"sheet":"部门收入预算表","index":1,"n_rows":9,"n_cols":19,"rows_kept":9,"merged":[[0,0,0,18],[1,0,1,18],[2,0,2,1],[2,2,2,18],[3,0,5,0],[3,1,5,1],[3,2,5,2],[3,3,3,13],[3,14,3,18],[4,3,5,3],[4,4,5,4],[4,5,5,5],[4,6,5,6],[4,7,5,7],[4,8,4,13],[4,14,5,14],[4,15,5,15],[4,16,5,16],[4,17,5,17],[4,18,5,18],[8,0,8,1]]}
["01-2表"]
["2024年部门收入预算表"]
["单位名称：云南省精神病医院",null,"单位：元"]
["部门（单位）代码","部门（单位）名称","合计","本年收入",{"$nulls":10},"上年结转结余"]
[{"$nulls":3},"小计","一般公共预算","政府性基金预算","国有资本经营预算","财政专户管理资金","单位资金",{"$nulls":5},"小计","一般公共预算","政府性基金预算","国有资本经营预算","使用非财政拨款结余"]
[{"$nulls":8},"小计","事业收入","事业单位经营收入","上级补助收入","附属单位上缴收入","其他收入"]
[1,2,3,4,5,6,7,8,9,10,11,12,13,14,15,16,17,18,19]
["131017","云南省精神病医院",{"v":315178195.96,"d":"315,178,195.96"},{"v":315178195.96,"d":"315,178,195.96"},{"v":42567638.4,"d":"42,567,638.40"},{"$nulls":3},{"v":272610557.56,"d":"272,610,557.56"},{"v":272610557.56,"d":"272,610,557.56"}]
["合计",null,{"v":315178195.96,"d":"315,178,195.96"},{"v":315178195.96,"d":"315,178,195.96"},{"v":42567638.4,"d":"42,567,638.40"},{"$nulls":3},{"v":272610557.56,"d":"272,610,557.56"},{"v":272610557.56,"d":"272,610,557.56"}]

{"sheet":"部门支出预算表","index":2,"n_rows":20,"n_cols":15,"rows_kept":20,"merged":[[0,0,0,14],[1,0,1,14],[2,0,2,1],[2,2,2,14],[3,0,4,0],[3,1,4,1],[3,2,4,2],[3,3,3,5],[3,6,4,6],[3,7,4,7],[3,8,4,8],[3,9,3,14],[19,0,19,1]]}
["01-3表"]
["2024年部门支出预算表"]
["单位名称：云南省精神病医院",null,"单位：元"]
["科目编码","科目名称","合计","一般公共预算",null,null,"政府性基金预算","国有资本经营预算","财政专户管理的支出","单位资金"]
[{"$nulls":3},"小计","基本支出","项目支出",{"$nulls":3},"小计","事业支出","事业单位经营支出","上级补助支出","附属单位补助支出","其他支出"]
["1","2","3","4","5","6","7","8","9","10","11","12","13","14",15]
["208","社会保障和就业支出",{"v":17354332.87,"d":"17,354,332.87"},{"v":5460000,"d":"5,460,000.00"},{"v":5460000,"d":"5,460,000.00"},{"$nulls":4},{"v":11894332.87,"d":"11,894,332.87"},{"v":11894332.87,"d":"11,894,332.87"}]
["20805","  行政事业单位养老支出",{"v":17354332.87,"d":"17,354,332.87"},{"v":5460000,"d":"5,460,000.00"},{"v":5460000,"d":"5,460,000.00"},{"$nulls":4},{"v":11894332.87,"d":"11,894,332.87"},{"v":11894332.87,"d":"11,894,332.87"}]
["2080502","    事业单位离退休",{"v":5460000,"d":"5,460,000.00"},{"v":5460000,"d":"5,460,000.00"},{"v":5460000,"d":"5,460,000.00"}]
["2080505","    机关事业单位基本养老保险缴费支出",{"v":7929555.27,"d":"7,929,555.27"},{"$nulls":6},{"v":7929555.27,"d":"7,929,555.27"},{"v":7929555.27,"d":"7,929,555.27"}]
["2080506","    机关事业单位职业年金缴费支出",{"v":3964777.6,"d":"3,964,777.60"},{"$nulls":6},{"v":3964777.6,"d":"3,964,777.60"},{"v":3964777.6,"d":"3,964,777.60"}]
["210","卫生健康支出",{"v":287123863.09,"d":"287,123,863.09"},{"v":37107638.4,"d":"37,107,638.40"},{"v":37107638.4,"d":"37,107,638.40"},{"$nulls":4},{"v":250016224.69,"d":"250,016,224.69"},{"v":250016224.69,"d":"250,016,224.69"}]
["21002","  公立医院",{"v":281624102.17,"d":"281,624,102.17"},{"v":37107638.4,"d":"37,107,638.40"},{"v":37107638.4,"d":"37,107,638.40"},{"$nulls":4},{"v":244516463.77,"d":"244,516,463.77"},{"v":244516463.77,"d":"244,516,463.77"}]
["2100205","    精神病医院",{"v":281624102.17,"d":"281,624,102.17"},{"v":37107638.4,"d":"37,107,638.40"},{"v":37107638.4,"d":"37,107,638.40"},{"$nulls":4},{"v":244516463.77,"d":"244,516,463.77"},{"v":244516463.77,"d":"244,516,463.77"}]
["21011","  行政事业单位医疗",{"v":5499760.92,"d":"5,499,760.92"},{"$nulls":6},{"v":5499760.92,"d":"5,499,760.92"},{"v":5499760.92,"d":"5,499,760.92"}]
["2101102","    事业单位医疗",{"v":5499760.92,"d":"5,499,760.92"},{"$nulls":6},{"v":5499760.92,"d":"5,499,760.92"},{"v":5499760.92,"d":"5,499,760.92"}]
["221","住房保障支出",{"v":10700000,"d":"10,700,000.00"},{"$nulls":6},{"v":10700000,"d":"10,700,000.00"},{"v":10700000,"d":"10,700,000.00"}]
["22102","  住房改革支出",{"v":10700000,"d":"10,700,000.00"},{"$nulls":6},{"v":10700000,"d":"10,700,000.00"},{"v":10700000,"d":"10,700,000.00"}]
["2210201","    住房公积金",{"v":10700000,"d":"10,700,000.00"},{"$nulls":6},{"v":10700000,"d":"10,700,000.00"},{"v":10700000,"d":"10,700,000.00"}]
["合计",null,{"v":315178195.96,"d":"315,178,195.96"},{"v":42567638.4,"d":"42,567,638.40"},{"v":42567638.4,"d":"42,567,638.40"},{"$nulls":4},{"v":272610557.56,"d":"272,610,557.56"},{"v":272610557.56,"d":"272,610,557.56"}]

{"sheet":"财政拨款收支预算总表","index":3,"n_rows":34,"n_cols":4,"rows_kept":34,"merged":[[1,0,1,3],[2,0,2,1],[3,0,3,1],[3,2,3,3]]}
[{"$nulls":3},"02-1表"]
["2024年财政拨款收支预算总表"]
["单位名称：云南省精神病医院",null,null,"单位：元"]
["收　　　　　　　　入",null,"支　　　　　　　　出"]
["项      目","预算数","支出功能分类科目","预算数"]
["一、本年收入",{"v":42567638.4,"d":"42,567,638.40"},"一、本年支出",{"v":42567638.4,"d":"42,567,638.40"}]
["（一）一般公共预算拨款",{"v":42567638.4,"d":"42,567,638.40"},"（一）一般公共服务支出"]
["（二）政府性基金预算拨款",null,"（二）外交支出"]
["（三）国有资本经营预算拨款",null,"（三）国防支出"]
["二、上年结转",null,"（四）公共安全支出"]
["（一）一般公共预算拨款",null,"（五）教育支出"]
["（二）政府性基金预算拨款",null,"（六）科学技术支出"]
["（三）国有资本经营预算拨款",null,"（七）文化旅游体育与传媒支出"]
[null,null,"（八）社会保障和就业支出",{"v":5460000,"d":"5,460,000.00"}]
[null,null,"（九）卫生健康支出",{"v":37107638.4,"d":"37,107,638.40"}]
[null,null,"（十）节能环保支出"]
[null,null,"（十一）城乡社区支出"]
[null,null,"（十二）农林水支出"]
[null,null,"（十三）交通运输支出"]
[null,null,"（十四）资源勘探工业信息等支出"]
[null,null,"（十五）商业服务业等支出"]
[null,null,"（十六）金融支出"]
[null,null,"（十七）援助其他地区支出"]
[null,null,"（十八）自然资源海洋气象等支出"]
[null,null,"（十九）住房保障支出"]
[null,null,"（二十）粮油物资储备支出"]
[null,null,"（二十一）国有资本经营预算支出"]
[null,null,"（二十二）灾害防治及应急管理支出"]
[null,null,"（二十三）预备费"]
[null,null,"（二十四）其他支出"]
[null,null,"（二十五）转移性支出"]
[null,null,"（二十六）债务付息支出"]
[null,null,"二、年终结转结余"]
["收  入  总  计",{"v":42567638.4,"d":"42,567,638.40"},"支  出  总  计",{"v":42567638.4,"d":"42,567,638.40"}]

{"sheet":"一般公共预算支出预算表（按功能科目分类）","index":4,"n_rows":13,"n_cols":7,"rows_kept":13,"merged":[[1,0,1,6],[2,0,2,4],[3,0,3,1],[3,2,4,2],[3,3,3,5],[3,6,4,6],[12,0,12,1]]}
[{"$nulls":6},"02-2表"]
["2024年一般公共预算支出预算表（按功能科目分类）"]
["单位名称：云南省精神病医院",{"$nulls":5},"单位:元"]
["部门预算支出功能分类科目",null,"合计","基本支出",null,null,"项目支出"]
["科目编码","科目名称",null,"小计","人员经费","公用经费"]
["1","2","3","4","5","6","7"]
["208","社会保障和就业支出",{"v":5460000,"d":"5,460,000.00"},{"v":5460000,"d":"5,460,000.00"},{"v":5304000,"d":"5,304,000.00"},{"v":156000,"d":"156,000.00"}]
["20805","  行政事业单位养老支出",{"v":5460000,"d":"5,460,000.00"},{"v":5460000,"d":"5,460,000.00"},{"v":5304000,"d":"5,304,000.00"},{"v":156000,"d":"156,000.00"}]
["2080502","    事业单位离退休",{"v":5460000,"d":"5,460,000.00"},{"v":5460000,"d":"5,460,000.00"},{"v":5304000,"d":"5,304,000.00"},{"v":156000,"d":"156,000.00"}]
["210","卫生健康支出",{"v":37107638.4,"d":"37,107,638.40"},{"v":37107638.4,"d":"37,107,638.40"},{"v":37107638.4,"d":"37,107,638.40"}]
["21002","  公立医院",{"v":37107638.4,"d":"37,107,638.40"},{"v":37107638.4,"d":"37,107,638.40"},{"v":37107638.4,"d":"37,107,638.40"}]
["2100205","    精神病医院",{"v":37107638.4,"d":"37,107,638.40"},{"v":37107638.4,"d":"37,107,638.40"},{"v":37107638.4,"d":"37,107,638.40"}]
["合  计","合  计",{"v":42567638.4,"d":"42,567,638.40"},{"v":42567638.4,"d":"42,567,638.40"},{"v":42411638.4,"d":"42,411,638.40"},{"v":156000,"d":"156,000.00"}]

{"sheet":"一般公共预算“三公”经费支出预算表","index":5,"n_rows":8,"n_cols":6,"rows_kept":8,"merged":[[1,0,1,5],[2,0,2,1],[2,2,2,5],[3,0,4,0],[3,1,4,1],[3,2,3,4],[3,5,4,5]]}
[{"$nulls":5},"03表"]
["2024年一般公共预算“三公”经费支出预算表"]
["单位名称：云南省精神病医院",null,"单位：元"]
["“三公”经费合计","因公出国（境）费","公务用车购置及运行费",null,null,"公务接待费"]
[null,null,"小计","公务用车购置费","公务用车运行费"]
["1","2","3","4","5","6"]
[]
["备注：此表无数据"]

{"sheet":"部门基本支出预算表","index":6,"n_rows":168,"n_cols":25,"rows_kept":168,"merged":[[1,0,1,24],[2,0,2,7],[3,0,6,0],[3,1,6,1],[3,2,6,2],[3,3,6,3],[3,4,6,4],[3,5,6,5],[3,6,6,6],[3,7,6,7],[3,8,3,24],[4,8,6,8],[4,9,4,14],[4,15,4,17],[4,18,6,18],[4,19,4,24],[5,9,5,10],[5,11,6,11],[5,12,6,12],[5,13,6,13],[5,14,6,14],[5,15,6,15],[5,16,6,16],[5,17,6,17],[5,19,6,19],[5,20,6,20],[5,21,6,21],[5,22,6,22],[5,23,6,23],[5,24,6,24],[167,0,167,7]]}
[{"$nulls":24},"04表"]
["2024年部门基本支出预算表"]
["单位名称：云南省精神病医院",{"$nulls":23},"单位：元"]
["主管部门","单位名称","项目代码","项目名称","功能科目编码","功能科目名称","部门经济科目编码","部门经济科目名称","资金来源","资金来源",{"$nulls":8},"财政专户管理资金","单位资金"]
[{"$nulls":8},"总计","一般公共预算资金",{"$nulls":5},"财政拨款结转结余",null,null,"财政专户管理资金","单位资金","事业收入","单位资金","上级补助收入","附属单位上缴收入","其他收入"]
[{"$nulls":9},"全年数","已预拨","已提前安排","抵扣上年垫付资金","本次下达","另文下达","一般公共预算","政府性基金预算","国有资本经营预算",null,"小计","事业收入","事业单位\n经营收入","上级补助收入","附属单位上缴收入","其他收入"]
[{"$nulls":9},"小计","其中：转隶人员公用经费","已预拨","抵扣上年垫付资金","本次下达","另文下达","抵扣上年垫付资金","本次下达","另文下达","财政专户管理资金","小计","事业收入","事业单位\n经营收入","上级补助收入","附属单位上缴收入","其他收入"]
[1,2,3,4,5,6,7,8,9,10,11,12,13,14,15,16,17,18,19,20,21,22,23,24,25]
["昆明市卫生健康委员会","云南省精神病医院","530100210000000009903","事业人员支出工资","2100205","精神病医院","30101","基本工资",{"v":6925788,"d":"6,925,788.00"},{"$nulls":10},{"v":6925788,"d":"6,925,788.00"},{"v":6925788,"d":"6,925,788.00"}]
["昆明市卫生健康委员会","云南省精神病医院","530100210000000009903","事业人员支出工资","2100205","精神病医院","30101","基本工资",{"v":14791812,"d":"14,791,812.00"},{"v":14791812,"d":"14,791,812.00"},{"$nulls":3},{"v":14791812,"d":"14,791,812.00"}]
["昆明市卫生健康委员会","云南省精神病医院","530100210000000009903","事业人员支出工资","2100205","精神病医院","30102","津贴补贴",{"v":57892.8,"d":"57,892.80"},{"v":57892.8,"d":"57,892.80"},{"$nulls":3},{"v":57892.8,"d":"57,892.80"}]
["昆明市卫生健康委员会","云南省精神病医院","530100210000000009903","事业人员支出工资","2100205","精神病医院","30102","津贴补贴",{"v":27547.2,"d":"27,547.20"},{"$nulls":10},{"v":27547.2,"d":"27,547.20"},{"v":27547.2,"d":"27,547.20"}]
["昆明市卫生健康委员会","云南省精神病医院","530100210000000009903","事业人员支出工资","2100205","精神病医院","30107","绩效工资",{"v":18691839.6,"d":"18,691,839.60"},{"v":18691839.6,"d":"18,691,839.60"},{"$nulls":3},{"v":18691839.6,"d":"18,691,839.60"}]
["昆明市卫生健康委员会","云南省精神病医院","530100210000000009903","事业人员支出工资","2100205","精神病医院","30107","绩效工资",{"v":3566094,"d":"3,566,094.00"},{"v":3566094,"d":"3,566,094.00"},{"$nulls":3},{"v":3566094,"d":"3,566,094.00"}]
["昆明市卫生健康委员会","云南省精神病医院","530100210000000009903","事业人员支出工资","2100205","精神病医院","30107","绩效工资",{"v":10828566,"d":"10,828,566.00"},{"$nulls":10},{"v":10828566,"d":"10,828,566.00"},{"v":10828566,"d":"10,828,566.00"}]
["昆明市卫生健康委员会","云南省精神病医院","530100210000000009904","社会保障缴费","2080505","机关事业单位基本养老保险缴费支出","30108","机关事业单位基本养老保险缴费",{"v":7929555.27,"d":"7,929,555.27"},{"$nulls":10},{"v":7929555.27,"d":"7,929,555.27"},{"v":7929555.27,"d":"7,929,555.27"}]
["昆明市卫生健康委员会","云南省精神病医院","530100210000000009904","社会保障缴费","2080506","机关事业单位职业年金缴费支出","30109","职业年金缴费",{"v":3964777.6,"d":"3,964,777.60"},{"$nulls":10},{"v":3964777.6,"d":"3,964,777.60"},{"v":3964777.6,"d":"3,964,777.60"}]
["昆明市卫生健康委员会","云南省精神病医院","530100210000000009904","社会保障缴费","2101102","事业单位医疗","30110","职工基本医疗保险缴费",{"v":5169760.92,"d":"5,169,760.92"},{"$nulls":10},{"v":5169760.92,"d":"5,169,760.92"},{"v":5169760.92,"d":"5,169,760.92"}]
["昆明市卫生健康委员会","云南省精神病医院","530100210000000009904","社会保障缴费","2100205","精神病医院","30112","其他社会保障缴费",{"v":301575.12,"d":"301,575.12"},{"$nulls":10},{"v":301575.12,"d":"301,575.12"},{"v":301575.12,"d":"301,575.12"}]
["昆明市卫生健康委员会","云南省精神病医院","530100210000000009904","社会保障缴费","2100205","精神病医院","30112","其他社会保障缴费",{"v":178414.99,"d":"178,414.99"},{"$nulls":10},{"v":178414.99,"d":"178,414.99"},{"v":178414.99,"d":"178,414.99"}]
["昆明市卫生健康委员会","云南省精神病医院","530100210000000009904","社会保障缴费","2100205","精神病医院","30112","其他社会保障缴费",{"v":700000,"d":"700,000.00"},{"$nulls":10},{"v":700000,"d":"700,000.00"},{"v":700000,"d":"700,000.00"}]
["昆明市卫生健康委员会","云南省精神病医院","530100210000000009904","社会保障缴费","2101102","事业单位医疗","30307","医疗费补助",{"v":330000,"d":"330,000.00"},{"$nulls":10},{"v":330000,"d":"330,000.00"},{"v":330000,"d":"330,000.00"}]
["昆明市卫生健康委员会","云南省精神病医院","530100210000000009906","对个人和家庭的补助","2080502","事业单位离退休","30305","生活补助",{"v":5304000,"d":"5,304,000.00"},{"v":5304000,"d":"5,304,000.00"},{"$nulls":3},{"v":5304000,"d":"5,304,000.00"}]
["昆明市卫生健康委员会","云南省精神病医院","530100210000000009906","对个人和家庭的补助","2100205","精神病医院","30305","生活补助",{"v":2000,"d":"2,000.00"},{"$nulls":10},{"v":2000,"d":"2,000.00"},{"v":2000,"d":"2,000.00"}]
["昆明市卫生健康委员会","云南省精神病医院","530100210000000009907","公车购置及运维费","2100205","精神病医院","30231","公务用车运行维护费",{"v":40000,"d":"40,000.00"},{"$nulls":10},{"v":40000,"d":"40,000.00"},{"v":40000,"d":"40,000.00"}]
["昆明市卫生健康委员会","云南省精神病医院","530100210000000009907","公车购置及运维费","2100205","精神病医院","30231","公务用车运行维护费",{"v":6000,"d":"6,000.00"},{"$nulls":10},{"v":6000,"d":"6,000.00"},{"v":6000,"d":"6,000.00"}]
["昆明市卫生健康委员会","云南省精神病医院","530100210000000009907","公车购置及运维费","2100205","精神病医院","30231","公务用车运行维护费",{"v":30000,"d":"30,000.00"},{"$nulls":10},{"v":30000,"d":"30,000.00"},{"v":30000,"d":"30,000.00"}]
["昆明市卫生健康委员会","云南省精神病医院","530100210000000009907","公车购置及运维费","2100205","精神病医院","30231","公务用车运行维护费",{"v":5000,"d":"5,000.00"},{"$nulls":10},{"v":5000,"d":"5,000.00"},{"v":5000,"d":"5,000.00"}]
["昆明市卫生健康委员会","云南省精神病医院","530100210000000009907","公车购置及运维费","2100205","精神病医院","30231","公务用车运行维护费",{"v":2000,"d":"2,000.00"},{"$nulls":10},{"v":2000,"d":"2,000.00"},{"v":2000,"d":"2,000.00"}]
["昆明市卫生健康委员会","云南省精神病医院","530100210000000009907","公车购置及运维费","2100205","精神病医院","30231","公务用车运行维护费",{"v":60000,"d":"60,000.00"},{"$nulls":10},{"v":60000,"d":"60,000.00"},{"v":60000,"d":"60,000.00"}]
["昆明市卫生健康委员会","云南省精神病医院","530100210000000009908","工会经费","2100205","精神病医院","30228","工会经费",{"v":1400000,"d":"1,400,000.00"},{"$nulls":10},{"v":1400000,"d":"1,400,000.00"},{"v":1400000,"d":"1,400,000.00"}]
["昆明市卫生健康委员会","云南省精神病医院","530100210000000009909","一般公用经费","2100205","精神病医院","30205","水费",{"v":200600,"d":"200,600.00"},{"$nulls":10},{"v":200600,"d":"200,600.00"},{"v":200600,"d":"200,600.00"}]
["昆明市卫生健康委员会","云南省精神病医院","530100210000000009909","一般公用经费","2100205","精神病医院","30206","电费",{"v":900000,"d":"900,000.00"},{"$nulls":10},{"v":900000,"d":"900,000.00"},{"v":900000,"d":"900,000.00"}]
["昆明市卫生健康委员会","云南省精神病医院","530100210000000009909","一般公用经费","2100205","精神病医院","30211","差旅费",{"v":150000,"d":"150,000.00"},{"$nulls":10},{"v":150000,"d":"150,000.00"},{"v":150000,"d":"150,000.00"}]
["昆明市卫生健康委员会","云南省精神病医院","530100210000000009909","一般公用经费","2100205","精神病医院","30213","维修（护）费",{"v":160000,"d":"160,000.00"},{"$nulls":10},{"v":160000,"d":"160,000.00"},{"v":160000,"d":"160,000.00"}]
["昆明市卫生健康委员会","云南省精神病医院","530100210000000009909","一般公用经费","2100205","精神病医院","30215","会议费",{"v":100000,"d":"100,000.00"},{"$nulls":10},{"v":100000,"d":"100,000.00"},{"v":100000,"d":"100,000.00"}]
["昆明市卫生健康委员会","云南省精神病医院","530100210000000009909","一般公用经费","2100205","精神病医院","30216","培训费",{"v":800000,"d":"800,000.00"},{"$nulls":10},{"v":800000,"d":"800,000.00"},{"v":800000,"d":"800,000.00"}]
["昆明市卫生健康委员会","云南省精神病医院","530100210000000009909","一般公用经费","2100205","精神病医院","30216","培训费",{"v":200000,"d":"200,000.00"},{"$nulls":10},{"v":200000,"d":"200,000.00"},{"v":200000,"d":"200,000.00"}]
["昆明市卫生健康委员会","云南省精神病医院","530100210000000009909","一般公用经费","2100205","精神病医院","30216","培训费",{"v":100000,"d":"100,000.00"},{"$nulls":10},{"v":100000,"d":"100,000.00"},{"v":100000,"d":"100,000.00"}]
["昆明市卫生健康委员会","云南省精神病医院","530100210000000009909","一般公用经费","2100205","精神病医院","30216","培训费",{"v":300000,"d":"300,000.00"},{"$nulls":10},{"v":300000,"d":"300,000.00"},{"v":300000,"d":"300,000.00"}]
["昆明市卫生健康委员会","云南省精神病医院","530100210000000009909","一般公用经费","2100205","精神病医院","30216","培训费",{"v":330000,"d":"330,000.00"},{"$nulls":10},{"v":330000,"d":"330,000.00"},{"v":330000,"d":"330,000.00"}]
["昆明市卫生健康委员会","云南省精神病医院","530100210000000009909","一般公用经费","2100205","精神病医院","30216","培训费",{"v":500000,"d":"500,000.00"},{"$nulls":10},{"v":500000,"d":"500,000.00"},{"v":500000,"d":"500,000.00"}]
["昆明市卫生健康委员会","云南省精神病医院","530100210000000009909","一般公用经费","2100205","精神病医院","30216","培训费",{"v":300000,"d":"300,000.00"},{"$nulls":10},{"v":300000,"d":"300,000.00"},{"v":300000,"d":"300,000.00"}]
["昆明市卫生健康委员会","云南省精神病医院","530100210000000009909","一般公用经费","2100205","精神病医院","30216","培训费",{"v":150000,"d":"150,000.00"},{"$nulls":10},{"v":150000,"d":"150,000.00"},{"v":150000,"d":"150,000.00"}]
["昆明市卫生健康委员会","云南省精神病医院","530100210000000009909","一般公用经费","2100205","精神病医院","30226","劳务费",{"v":120000,"d":"120,000.00"},{"$nulls":10},{"v":120000,"d":"120,000.00"},{"v":120000,"d":"120,000.00"}]
["昆明市卫生健康委员会","云南省精神病医院","530100210000000009909","一般公用经费","2100205","精神病医院","30226","劳务费",{"v":100000,"d":"100,000.00"},{"$nulls":10},{"v":100000,"d":"100,000.00"},{"v":100000,"d":"100,000.00"}]
["昆明市卫生健康委员会","云南省精神病医院","530100210000000009909","一般公用经费","2080502","事业单位离退休","30299","其他商品和服务支出",{"v":156000,"d":"156,000.00"},{"v":156000,"d":"156,000.00"},{"$nulls":3},{"v":156000,"d":"156,000.00"}]
["昆明市卫生健康委员会","云南省精神病医院","530100210000000009909","一般公用经费","2100205","精神病医院","30299","其他商品和服务支出",{"v":100000,"d":"100,000.00"},{"$nulls":10},{"v":100000,"d":"100,000.00"},{"v":100000,"d":"100,000.00"}]
["昆明市卫生健康委员会","云南省精神病医院","530100210000000009909","一般公用经费","2100205","精神病医院","30299","其他商品和服务支出",{"v":50000,"d":"50,000.00"},{"$nulls":10},{"v":50000,"d":"50,000.00"},{"v":50000,"d":"50,000.00"}]
["昆明市卫生健康委员会","云南省精神病医院","530100210000000009909","一般公用经费","2100205","精神病医院","30299","其他商品和服务支出",{"v":250000,"d":"250,000.00"},{"$nulls":10},{"v":250000,"d":"250,000.00"},{"v":250000,"d":"250,000.00"}]
["昆明市卫生健康委员会","云南省精神病医院","530100210000000009909","一般公用经费","2100205","精神病医院","30299","其他商品和服务支出",{"v":1000000,"d":"1,000,000.00"},{"$nulls":10},{"v":1000000,"d":"1,000,000.00"},{"v":1000000,"d":"1,000,000.00"}]
["昆明市卫生健康委员会","云南省精神病医院","530100210000000009909","一般公用经费","2100205","精神病医院","30299","其他商品和服务支出",{"v":1000000,"d":"1,000,000.00"},{"$nulls":10},{"v":1000000,"d":"1,000,000.00"},{"v":1000000,"d":"1,000,000.00"}]
["昆明市卫生健康委员会","云南省精神病医院","530100210000000009909","一般公用经费","2100205","精神病医院","30299","其他商品和服务支出",{"v":650000,"d":"650,000.00"},{"$nulls":10},{"v":650000,"d":"650,000.00"},{"v":650000,"d":"650,000.00"}]
["昆明市卫生健康委员会","云南省精神病医院","530100210000000009909","一般公用经费","2100205","精神病医院","30299","其他商品和服务支出",{"v":2000000,"d":"2,000,000.00"},{"$nulls":10},{"v":2000000,"d":"2,000,000.00"},{"v":2000000,"d":"2,000,000.00"}]
["昆明市卫生健康委员会","云南省精神病医院","530100210000000009909","一般公用经费","2100205","精神病医院","30299","其他商品和服务支出",{"v":2150000,"d":"2,150,000.00"},{"$nulls":10},{"v":2150000,"d":"2,150,000.00"},{"v":2150000,"d":"2,150,000.00"}]
["昆明市卫生健康委员会","云南省精神病医院","530100210000000009909","一般公用经费","2100205","精神病医院","30299","其他商品和服务支出",{"v":300000,"d":"300,000.00"},{"$nulls":10},{"v":300000,"d":"300,000.00"},{"v":300000,"d":"300,000.00"}]
["昆明市卫生健康委员会","云南省精神病医院","530100210000000009909","一般公用经费","2100205","精神病医院","30299","其他商品和服务支出",{"v":120000,"d":"120,000.00"},{"$nulls":10},{"v":120000,"d":"120,000.00"},{"v":120000,"d":"120,000.00"}]
["昆明市卫生健康委员会","云南省精神病医院","530100210000000009909","一般公用经费","2100205","精神病医院","30299","其他商品和服务支出",{"v":300000,"d":"300,000.00"},{"$nulls":10},{"v":300000,"d":"300,000.00"},{"v":300000,"d":"300,000.00"}]
["昆明市卫生健康委员会","云南省精神病医院","530100210000000009909","一般公用经费","2100205","精神病医院","30299","其他商品和服务支出",{"v":10000,"d":"10,000.00"},{"$nulls":10},{"v":10000,"d":"10,000.00"},{"v":10000,"d":"10,000.00"}]
["昆明市卫生健康委员会","云南省精神病医院","530100210000000009909","一般公用经费","2100205","精神病医院","30299","其他商品和服务支出",{"v":200000,"d":"200,000.00"},{"$nulls":10},{"v":200000,"d":"200,000.00"},{"v":200000,"d":"200,000.00"}]
["昆明市卫生健康委员会","云南省精神病医院","530100210000000009909","一般公用经费","2100205","精神病医院","30299","其他商品和服务支出",{"v":120000,"d":"120,000.00"},{"$nulls":10},{"v":120000,"d":"120,000.00"},{"v":120000,"d":"120,000.00"}]
["昆明市卫生健康委员会","云南省精神病医院","530100210000000009909","一般公用经费","2100205","精神病医院","30299","其他商品和服务支出",{"v":300000,"d":"300,000.00"},{"$nulls":10},{"v":300000,"d":"300,000.00"},{"v":300000,"d":"300,000.00"}]
["昆明市卫生健康委员会","云南省精神病医院","530100210000000009909","一般公用经费","2100205","精神病医院","30299","其他商品和服务支出",{"v":350000,"d":"350,000.00"},{"$nulls":10},{"v":350000,"d":"350,000.00"},{"v":350000,"d":"350,000.00"}]
["昆明市卫生健康委员会","云南省精神病医院","530100210000000009909","一般公用经费","2100205","精神病医院","30299","其他商品和服务支出",{"v":23000,"d":"23,000.00"},{"$nulls":10},{"v":23000,"d":"23,000.00"},{"v":23000,"d":"23,000.00"}]
["昆明市卫生健康委员会","云南省精神病医院","530100210000000009909","一般公用经费","2100205","精神病医院","30299","其他商品和服务支出",{"v":8800,"d":"8,800.00"},{"$nulls":10},{"v":8800,"d":"8,800.00"},{"v":8800,"d":"8,800.00"}]
["昆明市卫生健康委员会","云南省精神病医院","530100210000000009909","一般公用经费","2100205","精神病医院","30299","其他商品和服务支出",{"v":93800,"d":"93,800.00"},{"$nulls":10},{"v":93800,"d":"93,800.00"},{"v":93800,"d":"93,800.00"}]
["昆明市卫生健康委员会","云南省精神病医院","530100210000000009909","一般公用经费","2100205","精神病医院","30299","其他商品和服务支出",{"v":17100,"d":"17,100.00"},{"$nulls":10},{"v":17100,"d":"17,100.00"},{"v":17100,"d":"17,100.00"}]
["昆明市卫生健康委员会","云南省精神病医院","530100210000000009909","一般公用经费","2100205","精神病医院","30299","其他商品和服务支出",{"v":700000,"d":"700,000.00"},{"$nulls":10},{"v":700000,"d":"700,000.00"},{"v":700000,"d":"700,000.00"}]
["昆明市卫生健康委员会","云南省精神病医院","530100210000000009909","一般公用经费","2100205","精神病医院","30299","其他商品和服务支出",{"v":20000,"d":"20,000.00"},{"$nulls":10},{"v":20000,"d":"20,000.00"},{"v":20000,"d":"20,000.00"}]
["昆明市卫生健康委员会","云南省精神病医院","530100210000000009909","一般公用经费","2100205","精神病医院","30299","其他商品和服务支出",{"v":7000,"d":"7,000.00"},{"$nulls":10},{"v":7000,"d":"7,000.00"},{"v":7000,"d":"7,000.00"}]
["昆明市卫生健康委员会","云南省精神病医院","530100210000000009909","一般公用经费","2100205","精神病医院","30299","其他商品和服务支出",{"v":47500,"d":"47,500.00"},{"$nulls":10},{"v":47500,"d":"47,500.00"},{"v":47500,"d":"47,500.00"}]
["昆明市卫生健康委员会","云南省精神病医院","530100210000000009909","一般公用经费","2100205","精神病医院","30299","其他商品和服务支出",{"v":2000000,"d":"2,000,000.00"},{"$nulls":10},{"v":2000000,"d":"2,000,000.00"},{"v":2000000,"d":"2,000,000.00"}]
["昆明市卫生健康委员会","云南省精神病医院","530100210000000009909","一般公用经费","2100205","精神病医院","30299","其他商品和服务支出",{"v":320000,"d":"320,000.00"},{"$nulls":10},{"v":320000,"d":"320,000.00"},{"v":320000,"d":"320,000.00"}]
["昆明市卫生健康委员会","云南省精神病医院","530100210000000009909","一般公用经费","2100205","精神病医院","30299","其他商品和服务支出",{"v":35000,"d":"35,000.00"},{"$nulls":10},{"v":35000,"d":"35,000.00"},{"v":35000,"d":"35,000.00"}]
["昆明市卫生健康委员会","云南省精神病医院","530100210000000009909","一般公用经费","2100205","精神病医院","30299","其他商品和服务支出",{"v":200000,"d":"200,000.00"},{"$nulls":10},{"v":200000,"d":"200,000.00"},{"v":200000,"d":"200,000.00"}]
["昆明市卫生健康委员会","云南省精神病医院","530100210000000009909","一般公用经费","2100205","精神病医院","30299","其他商品和服务支出",{"v":105000,"d":"105,000.00"},{"$nulls":10},{"v":105000,"d":"105,000.00"},{"v":105000,"d":"105,000.00"}]
["昆明市卫生健康委员会","云南省精神病医院","530100210000000009909","一般公用经费","2100205","精神病医院","30299","其他商品和服务支出",{"v":8000000,"d":"8,000,000.00"},{"$nulls":10},{"v":8000000,"d":"8,000,000.00"},{"v":8000000,"d":"8,000,000.00"}]
["昆明市卫生健康委员会","云南省精神病医院","530100210000000009909","一般公用经费","2100205","精神病医院","30299","其他商品和服务支出",{"v":138000,"d":"138,000.00"},{"$nulls":10},{"v":138000,"d":"138,000.00"},{"v":138000,"d":"138,000.00"}]
["昆明市卫生健康委员会","云南省精神病医院","530100210000000009909","一般公用经费","2100205","精神病医院","30299","其他商品和服务支出",{"v":8000,"d":"8,000.00"},{"$nulls":10},{"v":8000,"d":"8,000.00"},{"v":8000,"d":"8,000.00"}]
["昆明市卫生健康委员会","云南省精神病医院","530100210000000009909","一般公用经费","2100205","精神病医院","30299","其他商品和服务支出",{"v":945000,"d":"945,000.00"},{"$nulls":10},{"v":945000,"d":"945,000.00"},{"v":945000,"d":"945,000.00"}]
["昆明市卫生健康委员会","云南省精神病医院","530100210000000009909","一般公用经费","2100205","精神病医院","30299","其他商品和服务支出",{"v":6000,"d":"6,000.00"},{"$nulls":10},{"v":6000,"d":"6,000.00"},{"v":6000,"d":"6,000.00"}]
["昆明市卫生健康委员会","云南省精神病医院","530100210000000009909","一般公用经费","2100205","精神病医院","30299","其他商品和服务支出",{"v":300000,"d":"300,000.00"},{"$nulls":10},{"v":300000,"d":"300,000.00"},{"v":300000,"d":"300,000.00"}]
["昆明市卫生健康委员会","云南省精神病医院","530100210000000009909","一般公用经费","2100205","精神病医院","30299","其他商品和服务支出",{"v":50000,"d":"50,000.00"},{"$nulls":10},{"v":50000,"d":"50,000.00"},{"v":50000,"d":"50,000.00"}]
["昆明市卫生健康委员会","云南省精神病医院","530100210000000009909","一般公用经费","2100205","精神病医院","30299","其他商品和服务支出",{"v":100000,"d":"100,000.00"},{"$nulls":10},{"v":100000,"d":"100,000.00"},{"v":100000,"d":"100,000.00"}]
["昆明市卫生健康委员会","云南省精神病医院","530100210000000009909","一般公用经费","2100205","精神病医院","30299","其他商品和服务支出",{"v":80000,"d":"80,000.00"},{"$nulls":10},{"v":80000,"d":"80,000.00"},{"v":80000,"d":"80,000.00"}]
["昆明市卫生健康委员会","云南省精神病医院","530100210000000009909","一般公用经费","2100205","精神病医院","30299","其他商品和服务支出",{"v":540000,"d":"540,000.00"},{"$nulls":10},{"v":540000,"d":"540,000.00"},{"v":540000,"d":"540,000.00"}]
["昆明市卫生健康委员会","云南省精神病医院","530100210000000009909","一般公用经费","2100205","精神病医院","30299","其他商品和服务支出",{"v":200000,"d":"200,000.00"},{"$nulls":10},{"v":200000,"d":"200,000.00"},{"v":200000,"d":"200,000.00"}]
["昆明市卫生健康委员会","云南省精神病医院","530100210000000009909","一般公用经费","2100205","精神病医院","30299","其他商品和服务支出",{"v":77800000,"d":"77,800,000.00"},{"$nulls":10},{"v":77800000,"d":"77,800,000.00"},{"v":77800000,"d":"77,800,000.00"}]
["昆明市卫生健康委员会","云南省精神病医院","530100210000000009909","一般公用经费","2100205","精神病医院","30299","其他商品和服务支出",{"v":4000000,"d":"4,000,000.00"},{"$nulls":10},{"v":4000000,"d":"4,000,000.00"},{"v":4000000,"d":"4,000,000.00"}]
["昆明市卫生健康委员会","云南省精神病医院","530100210000000009909","一般公用经费","2100205","精神病医院","30299","其他商品和服务支出",{"v":1750000,"d":"1,750,000.00"},{"$nulls":10},{"v":1750000,"d":"1,750,000.00"},{"v":1750000,"d":"1,750,000.00"}]
["昆明市卫生健康委员会","云南省精神病医院","530100210000000009909","一般公用经费","2100205","精神病医院","30299","其他商品和服务支出",{"v":60000,"d":"60,000.00"},{"$nulls":10},{"v":60000,"d":"60,000.00"},{"v":60000,"d":"60,000.00"}]
["昆明市卫生健康委员会","云南省精神病医院","530100210000000009909","一般公用经费","2100205","精神病医院","30299","其他商品和服务支出",{"v":200000,"d":"200,000.00"},{"$nulls":10},{"v":200000,"d":"200,000.00"},{"v":200000,"d":"200,000.00"}]
["昆明市卫生健康委员会","云南省精神病医院","530100210000000009909","一般公用经费","2100205","精神病医院","30299","其他商品和服务支出",{"v":1000,"d":"1,000.00"},{"$nulls":10},{"v":1000,"d":"1,000.00"},{"v":1000,"d":"1,000.00"}]
["昆明市卫生健康委员会","云南省精神病医院","530100210000000009909","一般公用经费","2100205","精神病医院","30299","其他商品和服务支出",{"v":1000000,"d":"1,000,000.00"},{"$nulls":10},{"v":1000000,"d":"1,000,000.00"},{"v":1000000,"d":"1,000,000.00"}]
["昆明市卫生健康委员会","云南省精神病医院","530100210000000009909","一般公用经费","2100205","精神病医院","30299","其他商品和服务支出",{"v":80000,"d":"80,000.00"},{"$nulls":10},{"v":80000,"d":"80,000.00"},{"v":80000,"d":"80,000.00"}]
["昆明市卫生健康委员会","云南省精神病医院","530100210000000009909","一般公用经费","2100205","精神病医院","30299","其他商品和服务支出",{"v":90000,"d":"90,000.00"},{"$nulls":10},{"v":90000,"d":"90,000.00"},{"v":90000,"d":"90,000.00"}]
["昆明市卫生健康委员会","云南省精神病医院","530100210000000009909","一般公用经费","2100205","精神病医院","30299","其他商品和服务支出",{"v":50000,"d":"50,000.00"},{"$nulls":10},{"v":50000,"d":"50,000.00"},{"v":50000,"d":"50,000.00"}]
["昆明市卫生健康委员会","云南省精神病医院","530100210000000009909","一般公用经费","2100205","精神病医院","30299","其他商品和服务支出",{"v":39000,"d":"39,000.00"},{"$nulls":10},{"v":39000,"d":"39,000.00"},{"v":39000,"d":"39,000.00"}]
["昆明市卫生健康委员会","云南省精神病医院","530100210000000009909","一般公用经费","2100205","精神病医院","30299","其他商品和服务支出",{"v":56000,"d":"56,000.00"},{"$nulls":10},{"v":56000,"d":"56,000.00"},{"v":56000,"d":"56,000.00"}]
["昆明市卫生健康委员会","云南省精神病医院","530100210000000009909","一般公用经费","2100205","精神病医院","30299","其他商品和服务支出",{"v":35000,"d":"35,000.00"},{"$nulls":10},{"v":35000,"d":"35,000.00"},{"v":35000,"d":"35,000.00"}]
["昆明市卫生健康委员会","云南省精神病医院","530100210000000009909","一般公用经费","2100205","精神病医院","30299","其他商品和服务支出",{"v":20000,"d":"20,000.00"},{"$nulls":10},{"v":20000,"d":"20,000.00"},{"v":20000,"d":"20,000.00"}]
["昆明市卫生健康委员会","云南省精神病医院","530100210000000009909","一般公用经费","2100205","精神病医院","30299","其他商品和服务支出",{"v":130000,"d":"130,000.00"},{"$nulls":10},{"v":130000,"d":"130,000.00"},{"v":130000,"d":"130,000.00"}]
["昆明市卫生健康委员会","云南省精神病医院","530100210000000009909","一般公用经费","2100205","精神病医院","30299","其他商品和服务支出",{"v":30000,"d":"30,000.00"},{"$nulls":10},{"v":30000,"d":"30,000.00"},{"v":30000,"d":"30,000.00"}]
["昆明市卫生健康委员会","云南省精神病医院","530100210000000009909","一般公用经费","2100205","精神病医院","30299","其他商品和服务支出",{"v":35000,"d":"35,000.00"},{"$nulls":10},{"v":35000,"d":"35,000.00"},{"v":35000,"d":"35,000.00"}]
["昆明市卫生健康委员会","云南省精神病医院","530100210000000009909","一般公用经费","2100205","精神病医院","30299","其他商品和服务支出",{"v":40000,"d":"40,000.00"},{"$nulls":10},{"v":40000,"d":"40,000.00"},{"v":40000,"d":"40,000.00"}]
["昆明市卫生健康委员会","云南省精神病医院","530100210000000009909","一般公用经费","2100205","精神病医院","30299","其他商品和服务支出",{"v":23160,"d":"23,160.00"},{"$nulls":10},{"v":23160,"d":"23,160.00"},{"v":23160,"d":"23,160.00"}]
["昆明市卫生健康委员会","云南省精神病医院","530100210000000009909","一般公用经费","2100205","精神病医院","30299","其他商品和服务支出",{"v":45000,"d":"45,000.00"},{"$nulls":10},{"v":45000,"d":"45,000.00"},{"v":45000,"d":"45,000.00"}]
["昆明市卫生健康委员会","云南省精神病医院","530100210000000009909","一般公用经费","2100205","精神病医院","30299","其他商品和服务支出",{"v":17000,"d":"17,000.00"},{"$nulls":10},{"v":17000,"d":"17,000.00"},{"v":17000,"d":"17,000.00"}]
["昆明市卫生健康委员会","云南省精神病医院","530100210000000009909","一般公用经费","2100205","精神病医院","30299","其他商品和服务支出",{"v":70000,"d":"70,000.00"},{"$nulls":10},{"v":70000,"d":"70,000.00"},{"v":70000,"d":"70,000.00"}]
["昆明市卫生健康委员会","云南省精神病医院","530100210000000009909","一般公用经费","2100205","精神病医院","30299","其他商品和服务支出",{"v":6000,"d":"6,000.00"},{"$nulls":10},{"v":6000,"d":"6,000.00"},{"v":6000,"d":"6,000.00"}]
["昆明市卫生健康委员会","云南省精神病医院","530100210000000009909","一般公用经费","2100205","精神病医院","30299","其他商品和服务支出",{"v":50000,"d":"50,000.00"},{"$nulls":10},{"v":50000,"d":"50,000.00"},{"v":50000,"d":"50,000.00"}]
["昆明市卫生健康委员会","云南省精神病医院","530100210000000009909","一般公用经费","2100205","精神病医院","30299","其他商品和服务支出",{"v":50000,"d":"50,000.00"},{"$nulls":10},{"v":50000,"d":"50,000.00"},{"v":50000,"d":"50,000.00"}]
["昆明市卫生健康委员会","云南省精神病医院","530100210000000009909","一般公用经费","2100205","精神病医院","30299","其他商品和服务支出",{"v":200000,"d":"200,000.00"},{"$nulls":10},{"v":200000,"d":"200,000.00"},{"v":200000,"d":"200,000.00"}]
["昆明市卫生健康委员会","云南省精神病医院","530100210000000009909","一般公用经费","2100205","精神病医院","30299","其他商品和服务支出",{"v":10000,"d":"10,000.00"},{"$nulls":10},{"v":10000,"d":"10,000.00"},{"v":10000,"d":"10,000.00"}]
["昆明市卫生健康委员会","云南省精神病医院","530100210000000009909","一般公用经费","2100205","精神病医院","30299","其他商品和服务支出",{"v":108000,"d":"108,000.00"},{"$nulls":10},{"v":108000,"d":"108,000.00"},{"v":108000,"d":"108,000.00"}]
["昆明市卫生健康委员会","云南省精神病医院","530100210000000009909","一般公用经费","2100205","精神病医院","30299","其他商品和服务支出",{"v":12000,"d":"12,000.00"},{"$nulls":10},{"v":12000,"d":"12,000.00"},{"v":12000,"d":"12,000.00"}]
["昆明市卫生健康委员会","云南省精神病医院","530100210000000009909","一般公用经费","2100205","精神病医院","30299","其他商品和服务支出",{"v":6000,"d":"6,000.00"},{"$nulls":10},{"v":6000,"d":"6,000.00"},{"v":6000,"d":"6,000.00"}]
["昆明市卫生健康委员会","云南省精神病医院","530100210000000009909","一般公用经费","2100205","精神病医院","30299","其他商品和服务支出",{"v":2000,"d":"2,000.00"},{"$nulls":10},{"v":2000,"d":"2,000.00"},{"v":2000,"d":"2,000.00"}]
["昆明市卫生健康委员会","云南省精神病医院","530100210000000009909","一般公用经费","2100205","精神病医院","30299","其他商品和服务支出",{"v":2000000,"d":"2,000,000.00"},{"$nulls":10},{"v":2000000,"d":"2,000,000.00"},{"v":2000000,"d":"2,000,000.00"}]
["昆明市卫生健康委员会","云南省精神病医院","530100210000000009909","一般公用经费","2100205","精神病医院","30299","其他商品和服务支出",{"v":1000,"d":"1,000.00"},{"$nulls":10},{"v":1000,"d":"1,000.00"},{"v":1000,"d":"1,000.00"}]
["昆明市卫生健康委员会","云南省精神病医院","530100210000000009909","一般公用经费","2100205","精神病医院","30299","其他商品和服务支出",{"v":150000,"d":"150,000.00"},{"$nulls":10},{"v":150000,"d":"150,000.00"},{"v":150000,"d":"150,000.00"}]
["昆明市卫生健康委员会","云南省精神病医院","530100210000000009909","一般公用经费","2100205","精神病医院","30299","其他商品和服务支出",{"v":20000,"d":"20,000.00"},{"$nulls":10},{"v":20000,"d":"20,000.00"},{"v":20000,"d":"20,000.00"}]
["昆明市卫生健康委员会","云南省精神病医院","530100210000000009909","一般公用经费","2100205","精神病医院","30299","其他商品和服务支出",{"v":10000,"d":"10,000.00"},{"$nulls":10},{"v":10000,"d":"10,000.00"},{"v":10000,"d":"10,000.00"}]
["昆明市卫生健康委员会","云南省精神病医院","530100210000000009909","一般公用经费","2100205","精神病医院","30299","其他商品和服务支出",{"v":160000,"d":"160,000.00"},{"$nulls":10},{"v":160000,"d":"160,000.00"},{"v":160000,"d":"160,000.00"}]
["昆明市卫生健康委员会","云南省精神病医院","530100210000000009909","一般公用经费","2100205","精神病医院","30299","其他商品和服务支出",{"v":20000,"d":"20,000.00"},{"$nulls":10},{"v":20000,"d":"20,000.00"},{"v":20000,"d":"20,000.00"}]
["昆明市卫生健康委员会","云南省精神病医院","530100210000000009909","一般公用经费","2100205","精神病医院","30299","其他商品和服务支出",{"v":640000,"d":"640,000.00"},{"$nulls":10},{"v":640000,"d":"640,000.00"},{"v":640000,"d":"640,000.00"}]
["昆明市卫生健康委员会","云南省精神病医院","530100210000000009909","一般公用经费","2100205","精神病医院","30299","其他商品和服务支出",{"v":50000,"d":"50,000.00"},{"$nulls":10},{"v":50000,"d":"50,000.00"},{"v":50000,"d":"50,000.00"}]
["昆明市卫生健康委员会","云南省精神病医院","530100210000000009909","一般公用经费","2100205","精神病医院","30299","其他商品和服务支出",{"v":60000,"d":"60,000.00"},{"$nulls":10},{"v":60000,"d":"60,000.00"},{"v":60000,"d":"60,000.00"}]
["昆明市卫生健康委员会","云南省精神病医院","530100210000000009909","一般公用经费","2100205","精神病医院","30299","其他商品和服务支出",{"v":65000,"d":"65,000.00"},{"$nulls":10},{"v":65000,"d":"65,000.00"},{"v":65000,"d":"65,000.00"}]
["昆明市卫生健康委员会","云南省精神病医院","530100210000000009909","一般公用经费","2100205","精神病医院","30299","其他商品和服务支出",{"v":100000,"d":"100,000.00"},{"$nulls":10},{"v":100000,"d":"100,000.00"},{"v":100000,"d":"100,000.00"}]
["昆明市卫生健康委员会","云南省精神病医院","530100210000000009909","一般公用经费","2100205","精神病医院","30299","其他商品和服务支出",{"v":400000,"d":"400,000.00"},{"$nulls":10},{"v":400000,"d":"400,000.00"},{"v":400000,"d":"400,000.00"}]
["昆明市卫生健康委员会","云南省精神病医院","530100210000000009909","一般公用经费","2100205","精神病医院","30299","其他商品和服务支出",{"v":1000000,"d":"1,000,000.00"},{"$nulls":10},{"v":1000000,"d":"1,000,000.00"},{"v":1000000,"d":"1,000,000.00"}]
["昆明市卫生健康委员会","云南省精神病医院","530100210000000009909","一般公用经费","2100205","精神病医院","30299","其他商品和服务支出",{"v":10000,"d":"10,000.00"},{"$nulls":10},{"v":10000,"d":"10,000.00"},{"v":10000,"d":"10,000.00"}]
["昆明市卫生健康委员会","云南省精神病医院","530100210000000009909","一般公用经费","2100205","精神病医院","30299","其他商品和服务支出",{"v":50000,"d":"50,000.00"},{"$nulls":10},{"v":50000,"d":"50,000.00"},{"v":50000,"d":"50,000.00"}]
["昆明市卫生健康委员会","云南省精神病医院","530100210000000009909","一般公用经费","2100205","精神病医院","30299","其他商品和服务支出",{"v":699000,"d":"699,000.00"},{"$nulls":10},{"v":699000,"d":"699,000.00"},{"v":699000,"d":"699,000.00"}]
["昆明市卫生健康委员会","云南省精神病医院","530100210000000009909","一般公用经费","2100205","精神病医院","30299","其他商品和服务支出",{"v":30000,"d":"30,000.00"},{"$nulls":10},{"v":30000,"d":"30,000.00"},{"v":30000,"d":"30,000.00"}]
["昆明市卫生健康委员会","云南省精神病医院","530100210000000009909","一般公用经费","2100205","精神病医院","30299","其他商品和服务支出",{"v":650000,"d":"650,000.00"},{"$nulls":10},{"v":650000,"d":"650,000.00"},{"v":650000,"d":"650,000.00"}]
["昆明市卫生健康委员会","云南省精神病医院","530100210000000009909","一般公用经费","2100205","精神病医院","30299","其他商品和服务支出",{"v":1590000,"d":"1,590,000.00"},{"$nulls":10},{"v":1590000,"d":"1,590,000.00"},{"v":1590000,"d":"1,590,000.00"}]
["昆明市卫生健康委员会","云南省精神病医院","530100210000000009909","一般公用经费","2100205","精神病医院","30299","其他商品和服务支出",{"v":55000,"d":"55,000.00"},{"$nulls":10},{"v":55000,"d":"55,000.00"},{"v":55000,"d":"55,000.00"}]
["昆明市卫生健康委员会","云南省精神病医院","530100210000000009909","一般公用经费","2100205","精神病医院","30299","其他商品和服务支出",{"v":20000,"d":"20,000.00"},{"$nulls":10},{"v":20000,"d":"20,000.00"},{"v":20000,"d":"20,000.00"}]
["昆明市卫生健康委员会","云南省精神病医院","530100210000000009909","一般公用经费","2100205","精神病医院","30299","其他商品和服务支出",{"v":10000,"d":"10,000.00"},{"$nulls":10},{"v":10000,"d":"10,000.00"},{"v":10000,"d":"10,000.00"}]
["昆明市卫生健康委员会","云南省精神病医院","530100210000000009909","一般公用经费","2100205","精神病医院","30299","其他商品和服务支出",{"v":6000,"d":"6,000.00"},{"$nulls":10},{"v":6000,"d":"6,000.00"},{"v":6000,"d":"6,000.00"}]
["昆明市卫生健康委员会","云南省精神病医院","530100210000000009909","一般公用经费","2100205","精神病医院","30299","其他商品和服务支出",{"v":20000,"d":"20,000.00"},{"$nulls":10},{"v":20000,"d":"20,000.00"},{"v":20000,"d":"20,000.00"}]
["昆明市卫生健康委员会","云南省精神病医院","530100210000000009909","一般公用经费","2100205","精神病医院","30299","其他商品和服务支出",{"v":5000,"d":"5,000.00"},{"$nulls":10},{"v":5000,"d":"5,000.00"},{"v":5000,"d":"5,000.00"}]
["昆明市卫生健康委员会","云南省精神病医院","530100210000000009909","一般公用经费","2100205","精神病医院","30299","其他商品和服务支出",{"v":600000,"d":"600,000.00"},{"$nulls":10},{"v":600000,"d":"600,000.00"},{"v":600000,"d":"600,000.00"}]
["昆明市卫生健康委员会","云南省精神病医院","530100210000000009909","一般公用经费","2100205","精神病医院","30299","其他商品和服务支出",{"v":55000,"d":"55,000.00"},{"$nulls":10},{"v":55000,"d":"55,000.00"},{"v":55000,"d":"55,000.00"}]
["昆明市卫生健康委员会","云南省精神病医院","530100210000000009909","一般公用经费","2100205","精神病医院","30299","其他商品和服务支出",{"v":800000,"d":"800,000.00"},{"$nulls":10},{"v":800000,"d":"800,000.00"},{"v":800000,"d":"800,000.00"}]
["昆明市卫生健康委员会","云南省精神病医院","530100210000000009909","一般公用经费","2100205","精神病医院","30299","其他商品和服务支出",{"v":1250000,"d":"1,250,000.00"},{"$nulls":10},{"v":1250000,"d":"1,250,000.00"},{"v":1250000,"d":"1,250,000.00"}]
["昆明市卫生健康委员会","云南省精神病医院","530100210000000009909","一般公用经费","2100205","精神病医院","30299","其他商品和服务支出",{"v":550000,"d":"550,000.00"},{"$nulls":10},{"v":550000,"d":"550,000.00"},{"v":550000,"d":"550,000.00"}]
["昆明市卫生健康委员会","云南省精神病医院","530100210000000009909","一般公用经费","2100205","精神病医院","30299","其他商品和服务支出",{"v":125000,"d":"125,000.00"},{"$nulls":10},{"v":125000,"d":"125,000.00"},{"v":125000,"d":"125,000.00"}]
["昆明市卫生健康委员会","云南省精神病医院","530100210000000009909","一般公用经费","2100205","精神病医院","30299","其他商品和服务支出",{"v":20000,"d":"20,000.00"},{"$nulls":10},{"v":20000,"d":"20,000.00"},{"v":20000,"d":"20,000.00"}]
["昆明市卫生健康委员会","云南省精神病医院","530100210000000009909","一般公用经费","2100205","精神病医院","30299","其他商品和服务支出",{"v":3000,"d":"3,000.00"},{"$nulls":10},{"v":3000,"d":"3,000.00"},{"v":3000,"d":"3,000.00"}]
["昆明市卫生健康委员会","云南省精神病医院","530100210000000009909","一般公用经费","2100205","精神病医院","30299","其他商品和服务支出",{"v":420000,"d":"420,000.00"},{"$nulls":10},{"v":420000,"d":"420,000.00"},{"v":420000,"d":"420,000.00"}]
["昆明市卫生健康委员会","云南省精神病医院","530100210000000009909","一般公用经费","2100205","精神病医院","30299","其他商品和服务支出",{"v":4800000,"d":"4,800,000.00"},{"$nulls":10},{"v":4800000,"d":"4,800,000.00"},{"v":4800000,"d":"4,800,000.00"}]
["昆明市卫生健康委员会","云南省精神病医院","530100210000000009909","一般公用经费","2100205","精神病医院","30299","其他商品和服务支出",{"v":150000,"d":"150,000.00"},{"$nulls":10},{"v":150000,"d":"150,000.00"},{"v":150000,"d":"150,000.00"}]
["昆明市卫生健康委员会","云南省精神病医院","530100210000000009909","一般公用经费","2100205","精神病医院","30299","其他商品和服务支出",{"v":1400000,"d":"1,400,000.00"},{"$nulls":10},{"v":1400000,"d":"1,400,000.00"},{"v":1400000,"d":"1,400,000.00"}]
["昆明市卫生健康委员会","云南省精神病医院","530100210000000009909","一般公用经费","2100205","精神病医院","30299","其他商品和服务支出",{"v":500000,"d":"500,000.00"},{"$nulls":10},{"v":500000,"d":"500,000.00"},{"v":500000,"d":"500,000.00"}]
["昆明市卫生健康委员会","云南省精神病医院","530100210000000009909","一般公用经费","2100205","精神病医院","30299","其他商品和服务支出",{"v":210000,"d":"210,000.00"},{"$nulls":10},{"v":210000,"d":"210,000.00"},{"v":210000,"d":"210,000.00"}]
["昆明市卫生健康委员会","云南省精神病医院","530100210000000009909","一般公用经费","2100205","精神病医院","30299","其他商品和服务支出",{"v":200000,"d":"200,000.00"},{"$nulls":10},{"v":200000,"d":"200,000.00"},{"v":200000,"d":"200,000.00"}]
["昆明市卫生健康委员会","云南省精神病医院","530100210000000009909","一般公用经费","2100205","精神病医院","30299","其他商品和服务支出",{"v":60000,"d":"60,000.00"},{"$nulls":10},{"v":60000,"d":"60,000.00"},{"v":60000,"d":"60,000.00"}]
["昆明市卫生健康委员会","云南省精神病医院","530100210000000009909","一般公用经费","2100205","精神病医院","30299","其他商品和服务支出",{"v":60000,"d":"60,000.00"},{"$nulls":10},{"v":60000,"d":"60,000.00"},{"v":60000,"d":"60,000.00"}]
["昆明市卫生健康委员会","云南省精神病医院","530100210000000009909","一般公用经费","2100205","精神病医院","30299","其他商品和服务支出",{"v":4800,"d":"4,800.00"},{"$nulls":10},{"v":4800,"d":"4,800.00"},{"v":4800,"d":"4,800.00"}]
["昆明市卫生健康委员会","云南省精神病医院","530100221100000191125","公务接待费","2100205","精神病医院","30217","公务接待费",{"v":30000,"d":"30,000.00"},{"$nulls":10},{"v":30000,"d":"30,000.00"},{"v":30000,"d":"30,000.00"}]
["昆明市卫生健康委员会","云南省精神病医院","530100231100001346981","编外聘用人员支出","2100205","精神病医院","30199","其他工资福利支出",{"v":2880621,"d":"2,880,621.00"},{"$nulls":10},{"v":2880621,"d":"2,880,621.00"},{"v":2880621,"d":"2,880,621.00"}]
["昆明市卫生健康委员会","云南省精神病医院","530100231100001346981","编外聘用人员支出","2100205","精神病医院","30199","其他工资福利支出",{"v":17216631.12,"d":"17,216,631.12"},{"$nulls":10},{"v":17216631.12,"d":"17,216,631.12"},{"v":17216631.12,"d":"17,216,631.12"}]
["昆明市卫生健康委员会","云南省精神病医院","530100231100001407951","事业人员奖励性绩效","2100205","精神病医院","30107","绩效工资",{"v":43360600.34,"d":"43,360,600.34"},{"$nulls":10},{"v":43360600.34,"d":"43,360,600.34"},{"v":43360600.34,"d":"43,360,600.34"}]
["昆明市卫生健康委员会","云南省精神病医院","530100231100001407952","事业人员住房补贴","2210201","住房公积金","30102","津贴补贴",{"v":10700000,"d":"10,700,000.00"},{"$nulls":10},{"v":10700000,"d":"10,700,000.00"},{"v":10700000,"d":"10,700,000.00"}]
["合  计",{"$nulls":7},{"v":286955235.96,"d":"286,955,235.96"},{"v":42567638.4,"d":"42,567,638.40"},{"$nulls":3},{"v":42567638.4,"d":"42,567,638.40"},{"$nulls":5},{"v":244387597.56,"d":"244,387,597.56"},{"v":244387597.56,"d":"244,387,597.56"}]

{"sheet":"部门项目支出预算表","index":7,"n_rows":18,"n_cols":23,"rows_kept":18,"merged":[[1,0,1,22],[2,0,2,7],[3,0,6,0],[3,1,6,1],[3,2,6,2],[3,3,6,3],[3,4,6,4],[3,5,6,5],[3,6,6,6],[3,7,6,7],[3,8,6,8],[3,9,3,12],[3,13,3,15],[3,16,6,16],[3,17,3,22],[4,9,5,10],[4,11,6,11],[4,12,6,12],[4,13,6,13],[4,14,6,14],[4,15,6,15],[4,17,6,17],[4,18,6,18],[4,19,6,19],[4,20,6,20],[4,21,6,21],[4,22,6,22],[17,0,17,7]]}
[{"$nulls":22},"05-1表"]
["2024年部门项目支出预算表"]
["单位名称：云南省精神病医院",{"$nulls":21},"单位：元"]
["项目分类","项目代码","项目名称","项目单位","功能科目编码","功能科目名称","经济科目编码","经济科目名称","合计","本年拨款",{"$nulls":3},"财政拨款结转结余",null,null,"财政专户管理资金","单位资金"]
[{"$nulls":9},"一般公共预算",null,"政府性基金预算","国有资本经营预算","一般公共预算","政府性基金预算","国有资本经营预算",null,"小计","事业收入","事业单位\n经营收入","上级补助收入","附属单位上缴收入","其他收入"]
[{"$nulls":9},"小计"]
[{"$nulls":9},"小计","其中：本次下达"]
[1,2,3,4,5,6,7,8,9,10,11,12,13,14,15,16,17,18,19,20,21,22,23]
["事业发展类","530100210000000010351","昆明市城市公立医院改革发展专项资金","云南省精神病医院","2100205","精神病医院","30211","差旅费",{"v":46250,"d":"46,250.00"},{"$nulls":8},{"v":46250,"d":"46,250.00"},{"v":46250,"d":"46,250.00"}]
["事业发展类","530100210000000010351","昆明市城市公立医院改革发展专项资金","云南省精神病医院","2100205","精神病医院","30216","培训费",{"v":360000,"d":"360,000.00"},{"$nulls":8},{"v":360000,"d":"360,000.00"},{"v":360000,"d":"360,000.00"}]
["事业发展类","530100210000000010351","昆明市城市公立医院改革发展专项资金","云南省精神病医院","2100205","精神病医院","30218","专用材料费",{"v":1280000,"d":"1,280,000.00"},{"$nulls":8},{"v":1280000,"d":"1,280,000.00"},{"v":1280000,"d":"1,280,000.00"}]
["事业发展类","530100210000000010351","昆明市城市公立医院改革发展专项资金","云南省精神病医院","2100205","精神病医院","30299","其他商品和服务支出",{"v":48750,"d":"48,750.00"},{"$nulls":8},{"v":48750,"d":"48,750.00"},{"v":48750,"d":"48,750.00"}]
["事业发展类","530100210000000010351","昆明市城市公立医院改革发展专项资金","云南省精神病医院","2100205","精神病医院","30305","生活补助",{"v":72000,"d":"72,000.00"},{"$nulls":8},{"v":72000,"d":"72,000.00"},{"v":72000,"d":"72,000.00"}]
["事业发展类","530100241100002080653","新增资产配置资金","云南省精神病医院","2100205","精神病医院","31002","办公设备购置",{"v":1514360,"d":"1,514,360.00"},{"$nulls":8},{"v":1514360,"d":"1,514,360.00"},{"v":1514360,"d":"1,514,360.00"}]
["事业发展类","530100241100002080653","新增资产配置资金","云南省精神病医院","2100205","精神病医院","31003","专用设备购置",{"v":14479200,"d":"14,479,200.00"},{"$nulls":8},{"v":14479200,"d":"14,479,200.00"},{"v":14479200,"d":"14,479,200.00"}]
["事业发展类","530100241100002080653","新增资产配置资金","云南省精神病医院","2100205","精神病医院","31007","信息网络及软件购置更新",{"v":10342400,"d":"10,342,400.00"},{"$nulls":8},{"v":10342400,"d":"10,342,400.00"},{"v":10342400,"d":"10,342,400.00"}]
["事业发展类","530100241100002080653","新增资产配置资金","云南省精神病医院","2100205","精神病医院","31099","其他资本性支出",{"v":80000,"d":"80,000.00"},{"$nulls":8},{"v":80000,"d":"80,000.00"},{"v":80000,"d":"80,000.00"}]
["合  计",{"$nulls":7},{"v":28222960,"d":"28,222,960.00"},{"$nulls":8},{"v":28222960,"d":"28,222,960.00"},{"v":28222960,"d":"28,222,960.00"}]

{"sheet":"项目支出绩效目标表（本次下达）","index":8,"n_rows":42,"n_cols":10,"rows_kept":42,"merged":[[1,0,1,9],[2,0,2,7],[6,0,15,0],[6,1,15,1],[16,0,41,0],[16,1,41,1]]}
[{"$nulls":9},"05-2表"]
["2024年项目支出绩效目标表"]
["单位名称：云南省精神病医院"]
["单位名称、项目名称","项目年度绩效目标","一级指标","二级指标","三级指标","指标性质","指标值","度量单位","指标属性","指标内容"]
[1,2,3,4,5,6,7,8,9,10]
["云南省精神病医院"]
["  昆明市城市公立医院改革发展专项资金","一、我院属于精神病专科医院，总务科负责医疗废物收集。医疗废物处置请第三方公司转运、清理，使医院的医疗废物处置符合相关要求，对环境的保护、人群健康的促进起到长期的效果。二、完成市级临床专科三年建设任务，提升医院疑难病、危重疾病的诊治能力。三、提升医院信息化管理水平，进一步助力医疗业务发展和管理精细化。实现医院感染目标性监测、细菌耐药监测、抗菌药物监测等数据汇总，以及对危险因素的研究分析，为采取有效的控制措施提供数据支撑。四、依托新投入医疗设备的使用提升医院医师的诊疗水平，提高患者疾病的康复率，提升就医人群对本院就医服务的满意度。","    产出指标","数量指标","取消药品加成率","=","100","%","定量指标","按政策取消药品加成"]
[null,null,"    产出指标","数量指标","春城名医数量",">=","2","人","定量指标","根据实际引进人数和政策进行使用"]
[null,null,"    产出指标","数量指标","开放床位",">=","900","张","定量指标","顺利完成指标值"]
[null,null,"    产出指标","数量指标","发表学术论文数量",">=","3","篇/组","定量指标","完成年度考核标准"]
[null,null,"    产出指标","数量指标","春城拔尖人才的数量","=","1","人","定量指标","按照政策使用"]
[null,null,"    产出指标","数量指标","开展项目数量",">=","2","个","定量指标","完成年度考核标准"]
[null,null,"    产出指标","质量指标","取消药品加成工作检查违规次数","=","0","次","定量指标","年度内取消药品加成检查违规次数"]
[null,null,"    效益指标","社会效益指标","科技成果转化与运用",">=","80","%","定量指标","开展运用研究"]
[null,null,"    效益指标","可持续影响指标","补助政策为公共服务、保障人民利益提供长期保障程度",">=","95","%","定量指标","补助政策明细提高公共服务能力、保障人民利益"]
[null,null,"    满意度指标","服务对象满意度指标","服务对象满意度",">=","80","%","定量指标","专科服务对象满意度>85%"]
["  新增资产配置资金","\"为确保云南省精神病医院工作顺利开展和提升，依据国家部、省、厅有关法律、法规、标准、规范等要求，结合医院医院总体发展战略，根据各临床科室及辅助部门的需求，从硬件、软件、系统建设等多方面着手，提高医院科室的服务能力，满足医院医疗服务、科研、教学的要求，从而服务社会，提高社会效益及医院的经济效益。\n2024年主要目标：\n1.进行病历质控系统建设，从而实现病例质量控制；\n2.开展临床路径管理系统建设，提升我院临床路径管理水平；\n3.进行门诊电子病历系统建设，提升电子病历管理水平；\n4.进行会议音响电子显示屏项目建设，提升我院会议室水平，便于各类会议开展。\n5.开展数据中心、网络升级扩容建设项目，提升数据中心、网络的硬件水平，从而更好满足我院工作开展；\n6.购置Labmaze动物行为学分析软件1套，便于教学工作开展；\n7.购置视频存储服务器2台，增加视屏存储量，提升我院安防能力；\n8.购置课程录播系统一套，便于教学工作开展，提升教学能力；\n9.开展智能随访系统建设，从而提升随访管理和跟踪能力；\n10.开展医务管理系统建设，提升医务管理能力和水平；\n11.进行其他日常工作相关设备购置，例如电脑、打印机等。\n12.完成2024年度设备资产的购置并投入临床使用，提高医院诊疗水平和满足人民群众对住院诊疗的需求，提升患者就医体验。\n13.完成完成资产（家具、用具）的需求采购，验收合格后投入科室使用，改善住院和办公环境。\"\n14.完成LED大屏及音响系统购置情况\n15,完成医院智慧服务提升改造建设项目对医院智慧服务水平的提升情况","    产出指标","数量指标","病历质控系统",">=","90","%","定量指标","评价病历质量控制完成情况"]
[null,null,"    产出指标","数量指标","临床路径管理系统",">=","90","%","定量指标","评价临床路径管理覆盖情况"]
[null,null,"    产出指标","数量指标","门诊电子病历系统",">=","90","%","定量指标","评价电子病历系统应用情况"]
[null,null,"    产出指标","数量指标","会议音响电子显示屏项目","=","100","%","定量指标","评价会议音响电子显示屏项目建设情况"]
[null,null,"    产出指标","数量指标","智能随访系统",">=","90","%","定量指标","评价智能随访率情况"]
[null,null,"    产出指标","数量指标","医务管理系统",">=","90","%","定量指标","评价医务管理系统覆盖使用情况"]
[null,null,"    产出指标","数量指标","数据中心、网络升级扩容建设项目","=","100","%","定量指标","完成数据中心、网络升级扩容建设项目建设"]
[null,null,"    产出指标","数量指标","Labmaze动物行为学分析软件","=","1","套","定量指标","Labmaze动物行为学分析软件购置情况"]
[null,null,"    产出指标","数量指标","视频存储服务器","=","2","套","定量指标","视频存储服务器购置情况"]
[null,null,"    产出指标","数量指标","课程录播系统（含软硬件）","=","1","套","定量指标","课程录播系统购置情况"]
[null,null,"    产出指标","数量指标","购置计划完成率",">=","90","%","定量指标","评价设备购置率"]
[null,null,"    产出指标","数量指标","2024年内完成设备采购投入临床使用",">=","20","台/套","定量指标","按规范完成设备采购并投入使用。"]
[null,null,"    产出指标","数量指标","LED大屏及音响系统","=","1","套","定量指标","LED大屏及音响系统购置情况"]
[null,null,"    产出指标","数量指标","医院智慧服务提升改造建设项目",">=","5","%","定量指标","医院智慧服务提升改造建设项目对医院智慧服务水平的提升情况"]
[null,null,"    产出指标","质量指标","满足医疗业务和管理的信息化要求",">=","90","%","定量指标","服务能力和水平不断提高"]
[null,null,"    产出指标","质量指标","2024年度医疗设备购置完成情况",">=","80","%","定量指标","数字X光摄影设备等22台件医疗设备购置完成，投入临床使用。"]
[null,null,"    产出指标","质量指标","设备验收通过率","=","100","%","定量指标","评价设备验收情况及通过率。"]
[null,null,"    产出指标","时效指标","2024年预算期内设备购置：2024年3月10日前完成采购预向性公示，3月31日完成设备参数制定，7月30日设备采购完成度达50%以上，11月30日采购完成度达90%.","<=","9","个月","定量指标","在时限内完成高效液相色谱串联质谱分析系统等台件医疗设备购置投入临床使用"]
[null,null,"    产出指标","时效指标","2024年预算期内完成办公家具、家电购置","<=","12","个月","定量指标","医院科室申请购置完成度"]
[null,null,"    产出指标","时效指标","2024年6月30日前，启动方案测定。9月30日前完成采购。11月30日前完成建设。","<=","12","个月","定量指标","计算机、各种型号打印机、病历质控系统、临床路径管理系统、会议音响电子显示屏项目等的完成购置情况"]
[null,null,"    效益指标","社会效益指标","改善就医体验",">=","90","%","定量指标","减少患者排队等待时间"]
[null,null,"    效益指标","社会效益指标","设备利用率","=","100","%","定量指标","计算机、各种型号打印机、病历质控系统、临床路径管理系统、会议音响电子显示屏项目等的利用率、使用率"]
[null,null,"    效益指标","可持续影响指标","医疗废物处理","=","100","%","定量指标","顺利完成指标"]
[null,null,"    效益指标","可持续影响指标","设备使用年限",">=","5","年","定量指标","评价软件、硬件、应用系统等的使用年限"]
[null,null,"    满意度指标","服务对象满意度指标","服务对象满意度",">=","80","%","定量指标","提高社会效益，满足人民不同需要"]
[null,null,"    满意度指标","服务对象满意度指标","系统功能满意度",">=","80","%","定量指标","评价系统满足业务和管理的需求情况"]

{"sheet":"政府性基金预算支出预算表","index":9,"n_rows":10,"n_cols":6,"rows_kept":10,"merged":[[1,0,1,5],[2,0,2,2],[3,0,4,0],[3,1,4,1],[3,2,4,2],[3,3,3,5],[8,0,8,2]]}
[1,0,1,null,null,"06表"]
["2024年政府性基金预算支出预算表","政府性基金预算支出预算表"]
["单位名称：云南省精神病医院","单位名称：云南省精神病医院",{"$nulls":3},"单位:元"]
["单位名称","科目编码","科目名称","本年政府性基金预算支出"]
[{"$nulls":3},"合计","基本支出","项目支出"]
[1,"2",3,4,5,6]
["",null,null,"","",""]
[null,"","","","",""]
["合  计","合  计","合  计","","",""]
["备注：此表无数据"]

{"sheet":"部门政府采购预算表","index":10,"n_rows":177,"n_cols":19,"rows_kept":177,"merged":[[1,0,1,18],[2,0,2,7],[3,0,5,0],[3,1,5,1],[3,2,5,2],[3,3,5,3],[3,4,5,4],[3,5,5,5],[3,6,5,6],[3,7,5,7],[3,8,3,18],[4,8,5,8],[4,9,5,9],[4,10,5,10],[4,11,5,11],[4,12,5,12],[4,13,4,18],[176,0,176,6]]}
[{"$nulls":18},"07表"]
["2024年部门政府采购预算表"]
["单位名称：云南省精神病医院",{"$nulls":17},"单位：元"]
["主管部门","单位名称","预算项目","采购项目","采购品目","计量\n单位","数量","面向中小企业预留资金","资金来源"]
[{"$nulls":8},"合计","一般公共预算","政府性基金","国有资本经营收益","财政专户管理的收入","单位自筹"]
[{"$nulls":9},"小计",{"$nulls":3},"小计","事业收入","事业单位经营收入","上级补助收入","附属单位上缴收入","其他收入"]
[1,"2","3",4,5,6,7,8,9,10,11,12,13,14,15,16,17,18,19]
["昆明市卫生健康委员会","云南省精神病医院","一般公用经费","车俩税","财产保险服务","项",1,null,{"v":6000,"d":"6,000.00"},{"$nulls":4},{"v":6000,"d":"6,000.00"},{"v":6000,"d":"6,000.00"}]
["昆明市卫生健康委员会","云南省精神病医院","一般公用经费","车辆保险","财产保险服务","项",1,null,{"v":30000,"d":"30,000.00"},{"$nulls":4},{"v":30000,"d":"30,000.00"},{"v":30000,"d":"30,000.00"}]
["昆明市卫生健康委员会","云南省精神病医院","一般公用经费","食堂服务费用","餐饮服务","项",1,{"v":1800000,"d":"1,800,000.00"},{"v":1800000,"d":"1,800,000.00"},{"$nulls":4},{"v":1800000,"d":"1,800,000.00"},{"v":1800000,"d":"1,800,000.00"}]
["昆明市卫生健康委员会","云南省精神病医院","一般公用经费","燃油费","车辆加油、添加燃料服务","项",1,null,{"v":40000,"d":"40,000.00"},{"$nulls":4},{"v":40000,"d":"40,000.00"},{"v":40000,"d":"40,000.00"}]
["昆明市卫生健康委员会","云南省精神病医院","一般公用经费","车辆维修费","车辆维修和保养服务","项",1,{"v":60000,"d":"60,000.00"},{"v":60000,"d":"60,000.00"},{"$nulls":4},{"v":60000,"d":"60,000.00"},{"v":60000,"d":"60,000.00"}]
["昆明市卫生健康委员会","云南省精神病医院","一般公用经费","复印纸","复印纸","批",1,null,{"v":150000,"d":"150,000.00"},{"$nulls":4},{"v":150000,"d":"150,000.00"},{"v":150000,"d":"150,000.00"}]
["昆明市卫生健康委员会","云南省精神病医院","一般公用经费","保安服务费","物业管理服务","项",1,{"v":800000,"d":"800,000.00"},{"v":800000,"d":"800,000.00"},{"$nulls":4},{"v":800000,"d":"800,000.00"},{"v":800000,"d":"800,000.00"}]
["昆明市卫生健康委员会","云南省精神病医院","一般公用经费","保洁费","物业管理服务","项",1,{"v":1250000,"d":"1,250,000.00"},{"v":1250000,"d":"1,250,000.00"},{"$nulls":4},{"v":1250000,"d":"1,250,000.00"},{"v":1250000,"d":"1,250,000.00"}]
["昆明市卫生健康委员会","云南省精神病医院","一般公用经费","物业管理费","物业管理服务","项",1,{"v":80000,"d":"80,000.00"},{"v":80000,"d":"80,000.00"},{"$nulls":4},{"v":80000,"d":"80,000.00"},{"v":80000,"d":"80,000.00"}]
["昆明市卫生健康委员会","云南省精神病医院","一般公用经费","食堂食材采购","物资","批",1,{"v":5400000,"d":"5,400,000.00"},{"v":5400000,"d":"5,400,000.00"},{"$nulls":4},{"v":5400000,"d":"5,400,000.00"},{"v":5400000,"d":"5,400,000.00"}]
["昆明市卫生健康委员会","云南省精神病医院","一般公用经费","医用材料","物资","批",1,null,{"v":1400000,"d":"1,400,000.00"},{"$nulls":4},{"v":1400000,"d":"1,400,000.00"},{"v":1400000,"d":"1,400,000.00"}]
["昆明市卫生健康委员会","云南省精神病医院","一般公用经费","印刷品费","印刷服务","批",1,{"v":210000,"d":"210,000.00"},{"v":210000,"d":"210,000.00"},{"$nulls":4},{"v":210000,"d":"210,000.00"},{"v":210000,"d":"210,000.00"}]
["昆明市卫生健康委员会","云南省精神病医院","一般公用经费","化验材料（试剂）","诊断用生物试剂盒","批",1,null,{"v":4800000,"d":"4,800,000.00"},{"$nulls":4},{"v":4800000,"d":"4,800,000.00"},{"v":4800000,"d":"4,800,000.00"}]
["昆明市卫生健康委员会","云南省精神病医院","一般公用经费","房屋修缮费用","装修工程","项",1,{"v":1000000,"d":"1,000,000.00"},{"v":1000000,"d":"1,000,000.00"},{"$nulls":4},{"v":1000000,"d":"1,000,000.00"},{"v":1000000,"d":"1,000,000.00"}]
["昆明市卫生健康委员会","云南省精神病医院","一般公用经费","房屋修缮费用","装修工程","项",1,{"v":1000000,"d":"1,000,000.00"},{"v":1000000,"d":"1,000,000.00"},{"$nulls":4},{"v":1000000,"d":"1,000,000.00"},{"v":1000000,"d":"1,000,000.00"}]
["昆明市卫生健康委员会","云南省精神病医院","一般公用经费","房屋修缮费用","装修工程","项",1,{"v":1000000,"d":"1,000,000.00"},{"v":1000000,"d":"1,000,000.00"},{"$nulls":4},{"v":1000000,"d":"1,000,000.00"},{"v":1000000,"d":"1,000,000.00"}]
["昆明市卫生健康委员会","云南省精神病医院","一般公用经费","房屋修缮费用","装修工程","项",1,{"v":1000000,"d":"1,000,000.00"},{"v":1000000,"d":"1,000,000.00"},{"$nulls":4},{"v":1000000,"d":"1,000,000.00"},{"v":1000000,"d":"1,000,000.00"}]
["昆明市卫生健康委员会","云南省精神病医院","新增资产配置资金","LED大屏及音响系统","LED显示屏","套",1,null,{"v":400000,"d":"400,000.00"},{"$nulls":4},{"v":400000,"d":"400,000.00"},{"v":400000,"d":"400,000.00"}]
["昆明市卫生健康委员会","云南省精神病医院","新增资产配置资金","LED电子横幅","LED显示屏","套",2,null,{"v":15000,"d":"15,000.00"},{"$nulls":4},{"v":15000,"d":"15,000.00"},{"v":15000,"d":"15,000.00"}]
["昆明市卫生健康委员会","云南省精神病医院","新增资产配置资金","执法记录仪","安全、检查、监视、报警设备","个",3,null,{"v":3600,"d":"3,600.00"},{"$nulls":4},{"v":3600,"d":"3,600.00"},{"v":3600,"d":"3,600.00"}]
["昆明市卫生健康委员会","云南省精神病医院","新增资产配置资金","笔记本电脑","便携式计算机","台",1,null,{"v":7000,"d":"7,000.00"},{"$nulls":4},{"v":7000,"d":"7,000.00"},{"v":7000,"d":"7,000.00"}]
["昆明市卫生健康委员会","云南省精神病医院","新增资产配置资金","平板电脑","便携式计算机","台",4,null,{"v":8000,"d":"8,000.00"},{"$nulls":4},{"v":8000,"d":"8,000.00"},{"v":8000,"d":"8,000.00"}]
["昆明市卫生健康委员会","云南省精神病医院","新增资产配置资金","多媒体教学一体机","触控一体机","台",1,null,{"v":12000,"d":"12,000.00"},{"$nulls":4},{"v":12000,"d":"12,000.00"},{"v":12000,"d":"12,000.00"}]
["昆明市卫生健康委员会","云南省精神病医院","新增资产配置资金","病床","床类","台",10,{"v":15000,"d":"15,000.00"},{"v":15000,"d":"15,000.00"},{"$nulls":4},{"v":15000,"d":"15,000.00"},{"v":15000,"d":"15,000.00"}]
["昆明市卫生健康委员会","云南省精神病医院","新增资产配置资金","冰箱","电冰箱","台",1,null,{"v":2000,"d":"2,000.00"},{"$nulls":4},{"v":2000,"d":"2,000.00"},{"v":2000,"d":"2,000.00"}]
["昆明市卫生健康委员会","云南省精神病医院","新增资产配置资金","打印复印一体机","多功能一体机","台",1,null,{"v":17000,"d":"17,000.00"},{"$nulls":4},{"v":17000,"d":"17,000.00"},{"v":17000,"d":"17,000.00"}]
["昆明市卫生健康委员会","云南省精神病医院","新增资产配置资金","打印复印一体机","多功能一体机","台",4,null,{"v":10000,"d":"10,000.00"},{"$nulls":4},{"v":10000,"d":"10,000.00"},{"v":10000,"d":"10,000.00"}]
["昆明市卫生健康委员会","云南省精神病医院","新增资产配置资金","排爆桶","防护防暴装备","套",1,{"v":20000,"d":"20,000.00"},{"v":20000,"d":"20,000.00"},{"$nulls":4},{"v":20000,"d":"20,000.00"},{"v":20000,"d":"20,000.00"}]
["昆明市卫生健康委员会","云南省精神病医院","新增资产配置资金","储物柜","柜类","套",13,{"v":19500,"d":"19,500.00"},{"v":19500,"d":"19,500.00"},{"$nulls":4},{"v":19500,"d":"19,500.00"},{"v":19500,"d":"19,500.00"}]
["昆明市卫生健康委员会","云南省精神病医院","新增资产配置资金","床头柜","柜类","套",47,{"v":21150,"d":"21,150.00"},{"v":21150,"d":"21,150.00"},{"$nulls":4},{"v":21150,"d":"21,150.00"},{"v":21150,"d":"21,150.00"}]
["昆明市卫生健康委员会","云南省精神病医院","新增资产配置资金","教具储存柜","柜类","套",1,{"v":2000,"d":"2,000.00"},{"v":2000,"d":"2,000.00"},{"$nulls":4},{"v":2000,"d":"2,000.00"},{"v":2000,"d":"2,000.00"}]
["昆明市卫生健康委员会","云南省精神病医院","新增资产配置资金","文件柜","柜类","套",16,{"v":16000,"d":"16,000.00"},{"v":16000,"d":"16,000.00"},{"$nulls":4},{"v":16000,"d":"16,000.00"},{"v":16000,"d":"16,000.00"}]
["昆明市卫生健康委员会","云南省精神病医院","新增资产配置资金","一类麻精药品保险柜","柜类","套",1,{"v":3000,"d":"3,000.00"},{"v":3000,"d":"3,000.00"},{"$nulls":4},{"v":3000,"d":"3,000.00"},{"v":3000,"d":"3,000.00"}]
["昆明市卫生健康委员会","云南省精神病医院","新增资产配置资金","医用凉柜（900升及以上）","柜类","套",3,{"v":30000,"d":"30,000.00"},{"v":30000,"d":"30,000.00"},{"$nulls":4},{"v":30000,"d":"30,000.00"},{"v":30000,"d":"30,000.00"}]
["昆明市卫生健康委员会","云南省精神病医院","新增资产配置资金","组合货架","架类","套",1,{"v":800,"d":"800.00"},{"v":800,"d":"800.00"},{"$nulls":4},{"v":800,"d":"800.00"},{"v":800,"d":"800.00"}]
["昆明市卫生健康委员会","云南省精神病医院","新增资产配置资金","气管插管模拟人","教学仪器","套",1,null,{"v":5000,"d":"5,000.00"},{"$nulls":4},{"v":5000,"d":"5,000.00"},{"v":5000,"d":"5,000.00"}]
["昆明市卫生健康委员会","云南省精神病医院","新增资产配置资金","壁挂式空调1.5匹","空调机","台",3,null,{"v":9000,"d":"9,000.00"},{"$nulls":4},{"v":9000,"d":"9,000.00"},{"v":9000,"d":"9,000.00"}]
["昆明市卫生健康委员会","云南省精神病医院","新增资产配置资金","空调（10匹）","空调机","台",3,null,{"v":90000,"d":"90,000.00"},{"$nulls":4},{"v":90000,"d":"90,000.00"},{"v":90000,"d":"90,000.00"}]
["昆明市卫生健康委员会","云南省精神病医院","新增资产配置资金","高效液相色谱串联质谱分析系统","临床检验设备","台",1,null,{"v":3100000,"d":"3,100,000.00"},{"$nulls":4},{"v":3100000,"d":"3,100,000.00"},{"v":3100000,"d":"3,100,000.00"}]
["昆明市卫生健康委员会","云南省精神病医院","新增资产配置资金","实木床（带垫子120*00cm","木制床类","套",6,{"v":12000,"d":"12,000.00"},{"v":12000,"d":"12,000.00"},{"$nulls":4},{"v":12000,"d":"12,000.00"},{"v":12000,"d":"12,000.00"}]
["昆明市卫生健康委员会","云南省精神病医院","新增资产配置资金","电视机","普通电视设备（电视机）","台",2,null,{"v":10000,"d":"10,000.00"},{"$nulls":4},{"v":10000,"d":"10,000.00"},{"v":10000,"d":"10,000.00"}]
["昆明市卫生健康委员会","云南省精神病医院","新增资产配置资金","个人反恐套装（防刺盾牌、手套、头盔）","其他安全生产设备","套",6,{"v":6000,"d":"6,000.00"},{"v":6000,"d":"6,000.00"},{"$nulls":4},{"v":6000,"d":"6,000.00"},{"v":6000,"d":"6,000.00"}]
["昆明市卫生健康委员会","云南省精神病医院","新增资产配置资金","个人反恐套装（防护盾牌、腰叉、长棍、短棍、强光电筒）","其他安全生产设备","套",6,{"v":4800,"d":"4,800.00"},{"v":4800,"d":"4,800.00"},{"$nulls":4},{"v":4800,"d":"4,800.00"},{"v":4800,"d":"4,800.00"}]
["昆明市卫生健康委员会","云南省精神病医院","新增资产配置资金","点钞机","其他办公设备","台",2,null,{"v":4000,"d":"4,000.00"},{"$nulls":4},{"v":4000,"d":"4,000.00"},{"v":4000,"d":"4,000.00"}]
["昆明市卫生健康委员会","云南省精神病医院","新增资产配置资金","全自动财务凭证装订机","其他办公设备","台",1,null,{"v":9000,"d":"9,000.00"},{"$nulls":4},{"v":9000,"d":"9,000.00"},{"v":9000,"d":"9,000.00"}]
["昆明市卫生健康委员会","云南省精神病医院","新增资产配置资金","得力8012钢制切纸刀","其他办公用品","台",1,{"v":200,"d":"200.00"},{"v":200,"d":"200.00"},{"$nulls":4},{"v":200,"d":"200.00"},{"v":200,"d":"200.00"}]
["昆明市卫生健康委员会","云南省精神病医院","新增资产配置资金","高低床","其他床类","套",1,{"v":1500,"d":"1,500.00"},{"v":1500,"d":"1,500.00"},{"$nulls":4},{"v":1500,"d":"1,500.00"},{"v":1500,"d":"1,500.00"}]
["昆明市卫生健康委员会","云南省精神病医院","新增资产配置资金","自动升降病床","其他床类","套",2,{"v":16000,"d":"16,000.00"},{"v":16000,"d":"16,000.00"},{"$nulls":4},{"v":16000,"d":"16,000.00"},{"v":16000,"d":"16,000.00"}]
["昆明市卫生健康委员会","云南省精神病医院","新增资产配置资金","视频存储服务器","其他存储设备","套",2,null,{"v":300000,"d":"300,000.00"},{"$nulls":4},{"v":300000,"d":"300,000.00"},{"v":300000,"d":"300,000.00"}]
["昆明市卫生健康委员会","云南省精神病医院","新增资产配置资金","移动硬盘","其他存储设备","个",4,null,{"v":4000,"d":"4,000.00"},{"$nulls":4},{"v":4000,"d":"4,000.00"},{"v":4000,"d":"4,000.00"}]
["昆明市卫生健康委员会","云南省精神病医院","新增资产配置资金","激光打印机","其他打印机","台",30,null,{"v":36000,"d":"36,000.00"},{"$nulls":4},{"v":36000,"d":"36,000.00"},{"v":36000,"d":"36,000.00"}]
["昆明市卫生健康委员会","云南省精神病医院","新增资产配置资金","喷墨打印机","其他打印机","台",11,null,{"v":22000,"d":"22,000.00"},{"$nulls":4},{"v":22000,"d":"22,000.00"},{"v":22000,"d":"22,000.00"}]
["昆明市卫生健康委员会","云南省精神病医院","新增资产配置资金","二次供水设备","其他机械设备","套",1,null,{"v":150000,"d":"150,000.00"},{"$nulls":4},{"v":150000,"d":"150,000.00"},{"v":150000,"d":"150,000.00"}]
["昆明市卫生健康委员会","云南省精神病医院","新增资产配置资金","风口调节阀","其他机械设备","个",100,null,{"v":700,"d":"700.00"},{"$nulls":4},{"v":700,"d":"700.00"},{"v":700,"d":"700.00"}]
["昆明市卫生健康委员会","云南省精神病医院","新增资产配置资金","活性炭吸附箱","其他机械设备","套",1,null,{"v":29000,"d":"29,000.00"},{"$nulls":4},{"v":29000,"d":"29,000.00"},{"v":29000,"d":"29,000.00"}]
["昆明市卫生健康委员会","云南省精神病医院","新增资产配置资金","伸缩式阻车器","其他机械设备","套",2,null,{"v":30000,"d":"30,000.00"},{"$nulls":4},{"v":30000,"d":"30,000.00"},{"v":30000,"d":"30,000.00"}]
["昆明市卫生健康委员会","云南省精神病医院","新增资产配置资金","病区播放系统","其他计算机软件","套",2,{"v":40000,"d":"40,000.00"},{"v":40000,"d":"40,000.00"},{"$nulls":4},{"v":40000,"d":"40,000.00"},{"v":40000,"d":"40,000.00"}]
["昆明市卫生健康委员会","云南省精神病医院","新增资产配置资金","导医台一号楼","其他家具","套",1,{"v":20000,"d":"20,000.00"},{"v":20000,"d":"20,000.00"},{"$nulls":4},{"v":20000,"d":"20,000.00"},{"v":20000,"d":"20,000.00"}]
["昆明市卫生健康委员会","云南省精神病医院","新增资产配置资金","示教室白板","其他家具","个",1,{"v":1000,"d":"1,000.00"},{"v":1000,"d":"1,000.00"},{"$nulls":4},{"v":1000,"d":"1,000.00"},{"v":1000,"d":"1,000.00"}]
["昆明市卫生健康委员会","云南省精神病医院","新增资产配置资金","手推车","其他家具","个",1,{"v":300,"d":"300.00"},{"v":300,"d":"300.00"},{"$nulls":4},{"v":300,"d":"300.00"},{"v":300,"d":"300.00"}]
["昆明市卫生健康委员会","云南省精神病医院","新增资产配置资金","冰箱（单门冷藏功能）","其他生活用电器","台",4,null,{"v":4000,"d":"4,000.00"},{"$nulls":4},{"v":4000,"d":"4,000.00"},{"v":4000,"d":"4,000.00"}]
["昆明市卫生健康委员会","云南省精神病医院","新增资产配置资金","除湿机","其他生活用电器","台",4,null,{"v":20000,"d":"20,000.00"},{"$nulls":4},{"v":20000,"d":"20,000.00"},{"v":20000,"d":"20,000.00"}]
["昆明市卫生健康委员会","云南省精神病医院","新增资产配置资金","电风扇","其他生活用电器","台",8,null,{"v":2400,"d":"2,400.00"},{"$nulls":4},{"v":2400,"d":"2,400.00"},{"v":2400,"d":"2,400.00"}]
["昆明市卫生健康委员会","云南省精神病医院","新增资产配置资金","电热水器","其他生活用电器","台",1,null,{"v":3600,"d":"3,600.00"},{"$nulls":4},{"v":3600,"d":"3,600.00"},{"v":3600,"d":"3,600.00"}]
["昆明市卫生健康委员会","云南省精神病医院","新增资产配置资金","电视机32寸","其他生活用电器","台",4,null,{"v":8000,"d":"8,000.00"},{"$nulls":4},{"v":8000,"d":"8,000.00"},{"v":8000,"d":"8,000.00"}]
["昆明市卫生健康委员会","云南省精神病医院","新增资产配置资金","电视机65寸","其他生活用电器","台",1,null,{"v":5000,"d":"5,000.00"},{"$nulls":4},{"v":5000,"d":"5,000.00"},{"v":5000,"d":"5,000.00"}]
["昆明市卫生健康委员会","云南省精神病医院","新增资产配置资金","电视机（45-50寸）","其他生活用电器","台",2,null,{"v":5000,"d":"5,000.00"},{"$nulls":4},{"v":5000,"d":"5,000.00"},{"v":5000,"d":"5,000.00"}]
["昆明市卫生健康委员会","云南省精神病医院","新增资产配置资金","消毒柜","其他生活用电器","台",1,null,{"v":3000,"d":"3,000.00"},{"$nulls":4},{"v":3000,"d":"3,000.00"},{"v":3000,"d":"3,000.00"}]
["昆明市卫生健康委员会","云南省精神病医院","新增资产配置资金","消毒碗柜","其他生活用电器","台",1,null,{"v":3000,"d":"3,000.00"},{"$nulls":4},{"v":3000,"d":"3,000.00"},{"v":3000,"d":"3,000.00"}]
["昆明市卫生健康委员会","云南省精神病医院","新增资产配置资金","饮水机","其他生活用电器","台",23,null,{"v":6210,"d":"6,210.00"},{"$nulls":4},{"v":6210,"d":"6,210.00"},{"v":6210,"d":"6,210.00"}]
["昆明市卫生健康委员会","云南省精神病医院","新增资产配置资金","饮水机","其他生活用电器","台",88,null,{"v":21120,"d":"21,120.00"},{"$nulls":4},{"v":21120,"d":"21,120.00"},{"v":21120,"d":"21,120.00"}]
["昆明市卫生健康委员会","云南省精神病医院","新增资产配置资金","直饮水机","其他生活用电器","台",5,null,{"v":25000,"d":"25,000.00"},{"$nulls":4},{"v":25000,"d":"25,000.00"},{"v":25000,"d":"25,000.00"}]
["昆明市卫生健康委员会","云南省精神病医院","新增资产配置资金","床旁对讲系统","其他通信设备","套",1,null,{"v":130000,"d":"130,000.00"},{"$nulls":4},{"v":130000,"d":"130,000.00"},{"v":130000,"d":"130,000.00"}]
["昆明市卫生健康委员会","云南省精神病医院","新增资产配置资金","教材教辅","其他图书","套",1,{"v":80000,"d":"80,000.00"},{"v":80000,"d":"80,000.00"},{"$nulls":4},{"v":80000,"d":"80,000.00"},{"v":80000,"d":"80,000.00"}]
["昆明市卫生健康委员会","云南省精神病医院","新增资产配置资金","对讲机","其他无线电通信设备","个",20,null,{"v":20000,"d":"20,000.00"},{"$nulls":4},{"v":20000,"d":"20,000.00"},{"v":20000,"d":"20,000.00"}]
["昆明市卫生健康委员会","云南省精神病医院","新增资产配置资金","304不锈钢发药车（两层抽屉）","其他医疗设备","辆",2,{"v":6000,"d":"6,000.00"},{"v":6000,"d":"6,000.00"},{"$nulls":4},{"v":6000,"d":"6,000.00"},{"v":6000,"d":"6,000.00"}]
["昆明市卫生健康委员会","云南省精神病医院","新增资产配置资金","VR认知功能康复系统","其他医疗设备","套",1,null,{"v":480000,"d":"480,000.00"},{"$nulls":4},{"v":480000,"d":"480,000.00"},{"v":480000,"d":"480,000.00"}]
["昆明市卫生健康委员会","云南省精神病医院","新增资产配置资金","便携式多道小动物麻醉机","其他医疗设备","台",1,null,{"v":50000,"d":"50,000.00"},{"$nulls":4},{"v":50000,"d":"50,000.00"},{"v":50000,"d":"50,000.00"}]
["昆明市卫生健康委员会","云南省精神病医院","新增资产配置资金","冰冻切片机","其他医疗设备","台",1,null,{"v":400000,"d":"400,000.00"},{"$nulls":4},{"v":400000,"d":"400,000.00"},{"v":400000,"d":"400,000.00"}]
["昆明市卫生健康委员会","云南省精神病医院","新增资产配置资金","冰箱（负80度）","其他医疗设备","台",2,{"v":198000,"d":"198,000.00"},{"v":198000,"d":"198,000.00"},{"$nulls":4},{"v":198000,"d":"198,000.00"},{"v":198000,"d":"198,000.00"}]
["昆明市卫生健康委员会","云南省精神病医院","新增资产配置资金","大小动物多功能麻醉机","其他医疗设备","台",1,null,{"v":50000,"d":"50,000.00"},{"$nulls":4},{"v":50000,"d":"50,000.00"},{"v":50000,"d":"50,000.00"}]
["昆明市卫生健康委员会","云南省精神病医院","新增资产配置资金","大小鼠心电测试平台","其他医疗设备","套",1,null,{"v":120000,"d":"120,000.00"},{"$nulls":4},{"v":120000,"d":"120,000.00"},{"v":120000,"d":"120,000.00"}]
["昆明市卫生健康委员会","云南省精神病医院","新增资产配置资金","大小鼠智能无创血压测量系统","其他医疗设备","套",1,null,{"v":90000,"d":"90,000.00"},{"$nulls":4},{"v":90000,"d":"90,000.00"},{"v":90000,"d":"90,000.00"}]
["昆明市卫生健康委员会","云南省精神病医院","新增资产配置资金","低频治疗仪","其他医疗设备","台",2,{"v":20000,"d":"20,000.00"},{"v":20000,"d":"20,000.00"},{"$nulls":4},{"v":20000,"d":"20,000.00"},{"v":20000,"d":"20,000.00"}]
["昆明市卫生健康委员会","云南省精神病医院","新增资产配置资金","动态血压监测仪","其他医疗设备","台",4,{"v":80000,"d":"80,000.00"},{"v":80000,"d":"80,000.00"},{"$nulls":4},{"v":80000,"d":"80,000.00"},{"v":80000,"d":"80,000.00"}]
["昆明市卫生健康委员会","云南省精神病医院","新增资产配置资金","动物用精密手术显微镜","其他医疗设备","台",1,null,{"v":80000,"d":"80,000.00"},{"$nulls":4},{"v":80000,"d":"80,000.00"},{"v":80000,"d":"80,000.00"}]
["昆明市卫生健康委员会","云南省精神病医院","新增资产配置资金","多导视频脑电图机","其他医疗设备","台",2,null,{"v":800000,"d":"800,000.00"},{"$nulls":4},{"v":800000,"d":"800,000.00"},{"v":800000,"d":"800,000.00"}]
["昆明市卫生健康委员会","云南省精神病医院","新增资产配置资金","多导睡眠监测+监控系统","其他医疗设备","套",1,null,{"v":400000,"d":"400,000.00"},{"$nulls":4},{"v":400000,"d":"400,000.00"},{"v":400000,"d":"400,000.00"}]
["昆明市卫生健康委员会","云南省精神病医院","新增资产配置资金","多功能转运床","其他医疗设备","套",1,null,{"v":185000,"d":"185,000.00"},{"$nulls":4},{"v":185000,"d":"185,000.00"},{"v":185000,"d":"185,000.00"}]
["昆明市卫生健康委员会","云南省精神病医院","新增资产配置资金","法兰系统","其他医疗设备","套",1,null,{"v":700,"d":"700.00"},{"$nulls":4},{"v":700,"d":"700.00"},{"v":700,"d":"700.00"}]
["昆明市卫生健康委员会","云南省精神病医院","新增资产配置资金","管道系统","其他医疗设备","套",1,{"v":10000,"d":"10,000.00"},{"v":10000,"d":"10,000.00"},{"$nulls":4},{"v":10000,"d":"10,000.00"},{"v":10000,"d":"10,000.00"}]
["昆明市卫生健康委员会","云南省精神病医院","新增资产配置资金","经颅超声治疗仪","其他医疗设备","台",1,{"v":150000,"d":"150,000.00"},{"v":150000,"d":"150,000.00"},{"$nulls":4},{"v":150000,"d":"150,000.00"},{"v":150000,"d":"150,000.00"}]
["昆明市卫生健康委员会","云南省精神病医院","新增资产配置资金","经颅磁刺激仪","其他医疗设备","台",1,{"v":300000,"d":"300,000.00"},{"v":300000,"d":"300,000.00"},{"$nulls":4},{"v":300000,"d":"300,000.00"},{"v":300000,"d":"300,000.00"}]
["昆明市卫生健康委员会","云南省精神病医院","新增资产配置资金","可视化喉镜","其他医疗设备","台",1,null,{"v":20000,"d":"20,000.00"},{"$nulls":4},{"v":20000,"d":"20,000.00"},{"v":20000,"d":"20,000.00"}]
["昆明市卫生健康委员会","云南省精神病医院","新增资产配置资金","麻醉机","其他医疗设备","台",1,null,{"v":350000,"d":"350,000.00"},{"$nulls":4},{"v":350000,"d":"350,000.00"},{"v":350000,"d":"350,000.00"}]
["昆明市卫生健康委员会","云南省精神病医院","新增资产配置资金","脉动真空灭菌器","其他医疗设备","台",1,{"v":190000,"d":"190,000.00"},{"v":190000,"d":"190,000.00"},{"$nulls":4},{"v":190000,"d":"190,000.00"},{"v":190000,"d":"190,000.00"}]
["昆明市卫生健康委员会","云南省精神病医院","新增资产配置资金","脑波治疗仪（1拖6-8）","其他医疗设备","台",1,{"v":150000,"d":"150,000.00"},{"v":150000,"d":"150,000.00"},{"$nulls":4},{"v":150000,"d":"150,000.00"},{"v":150000,"d":"150,000.00"}]
["昆明市卫生健康委员会","云南省精神病医院","新增资产配置资金","普通喉镜","其他医疗设备","台",2,null,{"v":10000,"d":"10,000.00"},{"$nulls":4},{"v":10000,"d":"10,000.00"},{"v":10000,"d":"10,000.00"}]
["昆明市卫生健康委员会","云南省精神病医院","新增资产配置资金","全自动脑立体定位仪（电动马达）","其他医疗设备","台",1,null,{"v":150000,"d":"150,000.00"},{"$nulls":4},{"v":150000,"d":"150,000.00"},{"v":150000,"d":"150,000.00"}]
["昆明市卫生健康委员会","云南省精神病医院","新增资产配置资金","生物反馈治疗仪（1拖10）","其他医疗设备","台",4,{"v":1840000,"d":"1,840,000.00"},{"v":1840000,"d":"1,840,000.00"},{"$nulls":4},{"v":1840000,"d":"1,840,000.00"},{"v":1840000,"d":"1,840,000.00"}]
["昆明市卫生健康委员会","云南省精神病医院","新增资产配置资金","十二导心电图机","其他医疗设备","台",1,{"v":23000,"d":"23,000.00"},{"v":23000,"d":"23,000.00"},{"$nulls":4},{"v":23000,"d":"23,000.00"},{"v":23000,"d":"23,000.00"}]
["昆明市卫生健康委员会","云南省精神病医院","新增资产配置资金","十二导心电图机","其他医疗设备","台",1,{"v":23000,"d":"23,000.00"},{"v":23000,"d":"23,000.00"},{"$nulls":4},{"v":23000,"d":"23,000.00"},{"v":23000,"d":"23,000.00"}]
["昆明市卫生健康委员会","云南省精神病医院","新增资产配置资金","实验样本管理系统","其他医疗设备","套",1,null,{"v":100000,"d":"100,000.00"},{"$nulls":4},{"v":100000,"d":"100,000.00"},{"v":100000,"d":"100,000.00"}]
["昆明市卫生健康委员会","云南省精神病医院","新增资产配置资金","收集罩系统","其他医疗设备","套",7,null,{"v":1750,"d":"1,750.00"},{"$nulls":4},{"v":1750,"d":"1,750.00"},{"v":1750,"d":"1,750.00"}]
["昆明市卫生健康委员会","云南省精神病医院","新增资产配置资金","塑料双层治疗车","其他医疗设备","辆",4,{"v":2000,"d":"2,000.00"},{"v":2000,"d":"2,000.00"},{"$nulls":4},{"v":2000,"d":"2,000.00"},{"v":2000,"d":"2,000.00"}]
["昆明市卫生健康委员会","云南省精神病医院","新增资产配置资金","微波治疗仪","其他医疗设备","台",2,{"v":20000,"d":"20,000.00"},{"v":20000,"d":"20,000.00"},{"$nulls":4},{"v":20000,"d":"20,000.00"},{"v":20000,"d":"20,000.00"}]
["昆明市卫生健康委员会","云南省精神病医院","新增资产配置资金","新物体认知实验视频分析系统","其他医疗设备","套",1,null,{"v":80000,"d":"80,000.00"},{"$nulls":4},{"v":80000,"d":"80,000.00"},{"v":80000,"d":"80,000.00"}]
["昆明市卫生健康委员会","云南省精神病医院","新增资产配置资金","心电盒子","其他医疗设备","台",1,{"v":20000,"d":"20,000.00"},{"v":20000,"d":"20,000.00"},{"$nulls":4},{"v":20000,"d":"20,000.00"},{"v":20000,"d":"20,000.00"}]
["昆明市卫生健康委员会","云南省精神病医院","新增资产配置资金","医用静脉输液泵","其他医疗设备","个",1,{"v":4000,"d":"4,000.00"},{"v":4000,"d":"4,000.00"},{"$nulls":4},{"v":4000,"d":"4,000.00"},{"v":4000,"d":"4,000.00"}]
["昆明市卫生健康委员会","云南省精神病医院","新增资产配置资金","移动式负压吸引器","其他医疗设备","台",1,null,{"v":15000,"d":"15,000.00"},{"$nulls":4},{"v":15000,"d":"15,000.00"},{"v":15000,"d":"15,000.00"}]
["昆明市卫生健康委员会","云南省精神病医院","新增资产配置资金","支架系统","其他医疗设备","套",1,null,{"v":750,"d":"750.00"},{"$nulls":4},{"v":750,"d":"750.00"},{"v":750,"d":"750.00"}]
["昆明市卫生健康委员会","云南省精神病医院","新增资产配置资金","治疗车（304不锈钢）","其他医疗设备","辆",3,{"v":9000,"d":"9,000.00"},{"v":9000,"d":"9,000.00"},{"$nulls":4},{"v":9000,"d":"9,000.00"},{"v":9000,"d":"9,000.00"}]
["昆明市卫生健康委员会","云南省精神病医院","新增资产配置资金","中频治疗仪","其他医疗设备","台",2,{"v":10000,"d":"10,000.00"},{"v":10000,"d":"10,000.00"},{"$nulls":4},{"v":10000,"d":"10,000.00"},{"v":10000,"d":"10,000.00"}]
["昆明市卫生健康委员会","云南省精神病医院","新增资产配置资金","音响","其他音频设备","套",2,null,{"v":10000,"d":"10,000.00"},{"$nulls":4},{"v":10000,"d":"10,000.00"},{"v":10000,"d":"10,000.00"}]
["昆明市卫生健康委员会","云南省精神病医院","新增资产配置资金","扫描仪","扫描仪","台",3,null,{"v":5400,"d":"5,400.00"},{"$nulls":4},{"v":5400,"d":"5,400.00"},{"v":5400,"d":"5,400.00"}]
["昆明市卫生健康委员会","云南省精神病医院","新增资产配置资金","s型异行沙发","沙发类","套",4,{"v":16800,"d":"16,800.00"},{"v":16800,"d":"16,800.00"},{"$nulls":4},{"v":16800,"d":"16,800.00"},{"v":16800,"d":"16,800.00"}]
["昆明市卫生健康委员会","云南省精神病医院","新增资产配置资金","办公沙发茶几组合","沙发类","套",1,{"v":4800,"d":"4,800.00"},{"v":4800,"d":"4,800.00"},{"$nulls":4},{"v":4800,"d":"4,800.00"},{"v":4800,"d":"4,800.00"}]
["昆明市卫生健康委员会","云南省精神病医院","新增资产配置资金","简易单人沙发","沙发类","套",30,{"v":9000,"d":"9,000.00"},{"v":9000,"d":"9,000.00"},{"$nulls":4},{"v":9000,"d":"9,000.00"},{"v":9000,"d":"9,000.00"}]
["昆明市卫生健康委员会","云南省精神病医院","新增资产配置资金","皮质单人沙发","沙发类","套",2,{"v":2000,"d":"2,000.00"},{"v":2000,"d":"2,000.00"},{"$nulls":4},{"v":2000,"d":"2,000.00"},{"v":2000,"d":"2,000.00"}]
["昆明市卫生健康委员会","云南省精神病医院","新增资产配置资金","沙发（单、双人）","沙发类","套",1,{"v":10000,"d":"10,000.00"},{"v":10000,"d":"10,000.00"},{"$nulls":4},{"v":10000,"d":"10,000.00"},{"v":10000,"d":"10,000.00"}]
["昆明市卫生健康委员会","云南省精神病医院","新增资产配置资金","沙发（单人、三人）","沙发类","套",5,{"v":15000,"d":"15,000.00"},{"v":15000,"d":"15,000.00"},{"$nulls":4},{"v":15000,"d":"15,000.00"},{"v":15000,"d":"15,000.00"}]
["昆明市卫生健康委员会","云南省精神病医院","新增资产配置资金","变频启动柜","设备","套",1,null,{"v":25000,"d":"25,000.00"},{"$nulls":4},{"v":25000,"d":"25,000.00"},{"v":25000,"d":"25,000.00"}]
["昆明市卫生健康委员会","云南省精神病医院","新增资产配置资金","高压风机","设备","台",1,null,{"v":30000,"d":"30,000.00"},{"$nulls":4},{"v":30000,"d":"30,000.00"},{"v":30000,"d":"30,000.00"}]
["昆明市卫生健康委员会","云南省精神病医院","新增资产配置资金","软连接","设备","台",1,null,{"v":300,"d":"300.00"},{"$nulls":4},{"v":300,"d":"300.00"},{"v":300,"d":"300.00"}]
["昆明市卫生健康委员会","云南省精神病医院","新增资产配置资金","液氮罐","设备","个",4,null,{"v":8000,"d":"8,000.00"},{"$nulls":4},{"v":8000,"d":"8,000.00"},{"v":8000,"d":"8,000.00"}]
["昆明市卫生健康委员会","云南省精神病医院","新增资产配置资金","会议音响电子显示屏项目","视频会议系统设备","套",1,null,{"v":800000,"d":"800,000.00"},{"$nulls":4},{"v":800000,"d":"800,000.00"},{"v":800000,"d":"800,000.00"}]
["昆明市卫生健康委员会","云南省精神病医院","新增资产配置资金","碎纸机","碎纸机","台",5,null,{"v":4000,"d":"4,000.00"},{"$nulls":4},{"v":4000,"d":"4,000.00"},{"v":4000,"d":"4,000.00"}]
["昆明市卫生健康委员会","云南省精神病医院","新增资产配置资金","办公桌","台、桌类","套",13,{"v":11700,"d":"11,700.00"},{"v":11700,"d":"11,700.00"},{"$nulls":4},{"v":11700,"d":"11,700.00"},{"v":11700,"d":"11,700.00"}]
["昆明市卫生健康委员会","云南省精神病医院","新增资产配置资金","办公桌1.8m","台、桌类","套",2,{"v":2800,"d":"2,800.00"},{"v":2800,"d":"2,800.00"},{"$nulls":4},{"v":2800,"d":"2,800.00"},{"v":2800,"d":"2,800.00"}]
["昆明市卫生健康委员会","云南省精神病医院","新增资产配置资金","茶几","台、桌类","套",3,{"v":1500,"d":"1,500.00"},{"v":1500,"d":"1,500.00"},{"$nulls":4},{"v":1500,"d":"1,500.00"},{"v":1500,"d":"1,500.00"}]
["昆明市卫生健康委员会","云南省精神病医院","新增资产配置资金","长会议桌","台、桌类","套",4,{"v":10000,"d":"10,000.00"},{"v":10000,"d":"10,000.00"},{"$nulls":4},{"v":10000,"d":"10,000.00"},{"v":10000,"d":"10,000.00"}]
["昆明市卫生健康委员会","云南省精神病医院","新增资产配置资金","小茶几","台、桌类","套",5,{"v":2500,"d":"2,500.00"},{"v":2500,"d":"2,500.00"},{"$nulls":4},{"v":2500,"d":"2,500.00"},{"v":2500,"d":"2,500.00"}]
["昆明市卫生健康委员会","云南省精神病医院","新增资产配置资金","台式电脑","台式计算机","台",92,null,{"v":460000,"d":"460,000.00"},{"$nulls":4},{"v":460000,"d":"460,000.00"},{"v":460000,"d":"460,000.00"}]
["昆明市卫生健康委员会","云南省精神病医院","新增资产配置资金","条码打印机","条码打印机","台",3,null,{"v":6000,"d":"6,000.00"},{"$nulls":4},{"v":6000,"d":"6,000.00"},{"v":6000,"d":"6,000.00"}]
["昆明市卫生健康委员会","云南省精神病医院","新增资产配置资金","投影仪","投影仪","台",4,null,{"v":40000,"d":"40,000.00"},{"$nulls":4},{"v":40000,"d":"40,000.00"},{"v":40000,"d":"40,000.00"}]
["昆明市卫生健康委员会","云南省精神病医院","新增资产配置资金","数据中心、网络升级扩容建设项目","网络设备","套",1,null,{"v":2400000,"d":"2,400,000.00"},{"$nulls":4},{"v":2400000,"d":"2,400,000.00"},{"v":2400000,"d":"2,400,000.00"}]
["昆明市卫生健康委员会","云南省精神病医院","新增资产配置资金","传真机","文件(图文)传真机","台",2,null,{"v":5000,"d":"5,000.00"},{"$nulls":4},{"v":5000,"d":"5,000.00"},{"v":5000,"d":"5,000.00"}]
["昆明市卫生健康委员会","云南省精神病医院","新增资产配置资金","经颅磁刺激仪","物理治疗、康复及体育治疗仪器设备","台",2,{"v":600000,"d":"600,000.00"},{"v":600000,"d":"600,000.00"},{"$nulls":4},{"v":600000,"d":"600,000.00"},{"v":600000,"d":"600,000.00"}]
["昆明市卫生健康委员会","云南省精神病医院","新增资产配置资金","经颅电磁刺激仪（tDCS)","物理治疗、康复及体育治疗仪器设备","台",4,null,{"v":1000000,"d":"1,000,000.00"},{"$nulls":4},{"v":1000000,"d":"1,000,000.00"},{"v":1000000,"d":"1,000,000.00"}]
["昆明市卫生健康委员会","云南省精神病医院","新增资产配置资金","吸尘器","吸尘器","台",2,null,{"v":2000,"d":"2,000.00"},{"$nulls":4},{"v":2000,"d":"2,000.00"},{"v":2000,"d":"2,000.00"}]
["昆明市卫生健康委员会","云南省精神病医院","新增资产配置资金","微型消防站储存柜","消防设备","套",2,{"v":6000,"d":"6,000.00"},{"v":6000,"d":"6,000.00"},{"$nulls":4},{"v":6000,"d":"6,000.00"},{"v":6000,"d":"6,000.00"}]
["昆明市卫生健康委员会","云南省精神病医院","新增资产配置资金","消防专用呼吸器（带氧气瓶）","消防设备","套",2,{"v":30000,"d":"30,000.00"},{"v":30000,"d":"30,000.00"},{"$nulls":4},{"v":30000,"d":"30,000.00"},{"v":30000,"d":"30,000.00"}]
["昆明市卫生健康委员会","云南省精神病医院","新增资产配置资金","Labmazc动物行为分析软件","行业应用软件","套",1,null,{"v":60000,"d":"60,000.00"},{"$nulls":4},{"v":60000,"d":"60,000.00"},{"v":60000,"d":"60,000.00"}]
["昆明市卫生健康委员会","云南省精神病医院","新增资产配置资金","病历质控系统","行业应用软件","套",1,null,{"v":200000,"d":"200,000.00"},{"$nulls":4},{"v":200000,"d":"200,000.00"},{"v":200000,"d":"200,000.00"}]
["昆明市卫生健康委员会","云南省精神病医院","新增资产配置资金","感控工作间","行业应用软件","套",1,null,{"v":26000,"d":"26,000.00"},{"$nulls":4},{"v":26000,"d":"26,000.00"},{"v":26000,"d":"26,000.00"}]
["昆明市卫生健康委员会","云南省精神病医院","新增资产配置资金","课程录播系统","行业应用软件","套",1,null,{"v":190000,"d":"190,000.00"},{"$nulls":4},{"v":190000,"d":"190,000.00"},{"v":190000,"d":"190,000.00"}]
["昆明市卫生健康委员会","云南省精神病医院","新增资产配置资金","临床路径管理系统","行业应用软件","套",1,null,{"v":450000,"d":"450,000.00"},{"$nulls":4},{"v":450000,"d":"450,000.00"},{"v":450000,"d":"450,000.00"}]
["昆明市卫生健康委员会","云南省精神病医院","新增资产配置资金","门诊电子病历系统","行业应用软件","套",1,null,{"v":450000,"d":"450,000.00"},{"$nulls":4},{"v":450000,"d":"450,000.00"},{"v":450000,"d":"450,000.00"}]
["昆明市卫生健康委员会","云南省精神病医院","新增资产配置资金","威斯康星卡片分类测验认知功能测评软件","行业应用软件","套",1,null,{"v":6000,"d":"6,000.00"},{"$nulls":4},{"v":6000,"d":"6,000.00"},{"v":6000,"d":"6,000.00"}]
["昆明市卫生健康委员会","云南省精神病医院","新增资产配置资金","心理测评软件","行业应用软件","套",1,null,{"v":3000,"d":"3,000.00"},{"$nulls":4},{"v":3000,"d":"3,000.00"},{"v":3000,"d":"3,000.00"}]
["昆明市卫生健康委员会","云南省精神病医院","新增资产配置资金","心理测验测评软件","行业应用软件","套",1,null,{"v":10000,"d":"10,000.00"},{"$nulls":4},{"v":10000,"d":"10,000.00"},{"v":10000,"d":"10,000.00"}]
["昆明市卫生健康委员会","云南省精神病医院","新增资产配置资金","医务管理系统","行业应用软件","套",1,null,{"v":800000,"d":"800,000.00"},{"$nulls":4},{"v":800000,"d":"800,000.00"},{"v":800000,"d":"800,000.00"}]
["昆明市卫生健康委员会","云南省精神病医院","新增资产配置资金","医院智慧服务提升改造建设项目","行业应用软件","套",1,null,{"v":3150000,"d":"3,150,000.00"},{"$nulls":4},{"v":3150000,"d":"3,150,000.00"},{"v":3150000,"d":"3,150,000.00"}]
["昆明市卫生健康委员会","云南省精神病医院","新增资产配置资金","智能随访系统","行业应用软件","套",1,null,{"v":800000,"d":"800,000.00"},{"$nulls":4},{"v":800000,"d":"800,000.00"},{"v":800000,"d":"800,000.00"}]
["昆明市卫生健康委员会","云南省精神病医院","新增资产配置资金","数字X线摄影设备（DR）","医用X线诊断设备","台",1,null,{"v":1500000,"d":"1,500,000.00"},{"$nulls":4},{"v":1500000,"d":"1,500,000.00"},{"v":1500000,"d":"1,500,000.00"}]
["昆明市卫生健康委员会","云南省精神病医院","新增资产配置资金","肌电诱发电位仪","医用电子生理参数检测仪器设备","台",2,null,{"v":700000,"d":"700,000.00"},{"$nulls":4},{"v":700000,"d":"700,000.00"},{"v":700000,"d":"700,000.00"}]
["昆明市卫生健康委员会","云南省精神病医院","新增资产配置资金","心率变异检测仪","医用电子生理参数检测仪器设备","台",2,null,{"v":500000,"d":"500,000.00"},{"$nulls":4},{"v":500000,"d":"500,000.00"},{"v":500000,"d":"500,000.00"}]
["昆明市卫生健康委员会","云南省精神病医院","新增资产配置资金","医用事件相关电位仪","医用电子生理参数检测仪器设备","台",2,null,{"v":560000,"d":"560,000.00"},{"$nulls":4},{"v":560000,"d":"560,000.00"},{"v":560000,"d":"560,000.00"}]
["昆明市卫生健康委员会","云南省精神病医院","新增资产配置资金","5人位机场椅","椅凳类","套",32,{"v":35200,"d":"35,200.00"},{"v":35200,"d":"35,200.00"},{"$nulls":4},{"v":35200,"d":"35,200.00"},{"v":35200,"d":"35,200.00"}]
["昆明市卫生健康委员会","云南省精神病医院","新增资产配置资金","办公椅","椅凳类","个",209,{"v":62700,"d":"62,700.00"},{"v":62700,"d":"62,700.00"},{"$nulls":4},{"v":62700,"d":"62,700.00"},{"v":62700,"d":"62,700.00"}]
["昆明市卫生健康委员会","云南省精神病医院","新增资产配置资金","办公桌椅","椅凳类","套",6,{"v":10200,"d":"10,200.00"},{"v":10200,"d":"10,200.00"},{"$nulls":4},{"v":10200,"d":"10,200.00"},{"v":10200,"d":"10,200.00"}]
["昆明市卫生健康委员会","云南省精神病医院","新增资产配置资金","贵妃长椅","椅凳类","个",6,{"v":15000,"d":"15,000.00"},{"v":15000,"d":"15,000.00"},{"$nulls":4},{"v":15000,"d":"15,000.00"},{"v":15000,"d":"15,000.00"}]
["昆明市卫生健康委员会","云南省精神病医院","新增资产配置资金","会议辅导桌椅","椅凳类","个",4,{"v":16000,"d":"16,000.00"},{"v":16000,"d":"16,000.00"},{"$nulls":4},{"v":16000,"d":"16,000.00"},{"v":16000,"d":"16,000.00"}]
["昆明市卫生健康委员会","云南省精神病医院","新增资产配置资金","简易会议椅","椅凳类","个",50,{"v":7500,"d":"7,500.00"},{"v":7500,"d":"7,500.00"},{"$nulls":4},{"v":7500,"d":"7,500.00"},{"v":7500,"d":"7,500.00"}]
["昆明市卫生健康委员会","云南省精神病医院","新增资产配置资金","陪客椅","椅凳类","个",88,{"v":52800,"d":"52,800.00"},{"v":52800,"d":"52,800.00"},{"$nulls":4},{"v":52800,"d":"52,800.00"},{"v":52800,"d":"52,800.00"}]
["昆明市卫生健康委员会","云南省精神病医院","新增资产配置资金","条椅","椅凳类","个",4,{"v":1200,"d":"1,200.00"},{"v":1200,"d":"1,200.00"},{"$nulls":4},{"v":1200,"d":"1,200.00"},{"v":1200,"d":"1,200.00"}]
["昆明市卫生健康委员会","云南省精神病医院","新增资产配置资金","椅子","椅凳类","个",40,{"v":6000,"d":"6,000.00"},{"v":6000,"d":"6,000.00"},{"$nulls":4},{"v":6000,"d":"6,000.00"},{"v":6000,"d":"6,000.00"}]
["昆明市卫生健康委员会","云南省精神病医院","新增资产配置资金","折叠椅","椅凳类","个",20,{"v":1800,"d":"1,800.00"},{"v":1800,"d":"1,800.00"},{"$nulls":4},{"v":1800,"d":"1,800.00"},{"v":1800,"d":"1,800.00"}]
["昆明市卫生健康委员会","云南省精神病医院","新增资产配置资金","桌子（团体）","椅凳类","套",16,{"v":7680,"d":"7,680.00"},{"v":7680,"d":"7,680.00"},{"$nulls":4},{"v":7680,"d":"7,680.00"},{"v":7680,"d":"7,680.00"}]
["合  计",{"$nulls":6},{"v":17902430,"d":"17,902,430.00"},{"v":46441960,"d":"46,441,960.00"},{"$nulls":4},{"v":46441960,"d":"46,441,960.00"},{"v":46441960,"d":"46,441,960.00"}]

{"sheet":"政府购买服务预算表","index":11,"n_rows":10,"n_cols":20,"rows_kept":10,"merged":[[1,0,1,19],[2,0,2,8],[3,0,5,0],[3,1,5,1],[3,2,5,2],[3,3,5,3],[3,4,5,4],[3,5,5,5],[3,6,5,6],[3,7,5,7],[3,8,5,8],[3,9,3,19],[4,9,5,9],[4,10,5,10],[4,11,5,11],[4,12,5,12],[4,13,5,13],[4,14,4,19],[8,0,8,8]]}
[{"$nulls":19},"08表"]
["2024年政府购买服务预算表"]
["单位名称：云南省精神病医院",{"$nulls":18},"单位：元"]
["主管部门","单位名称","预算项目","政府购买服务项目","政府购买服务指导性目录代码","基本支出/项目支出","所属服务类别","所属服务领域","购买内容简述","资金来源"]
[{"$nulls":9},"合计","一般公共预算","政府性基金","国有资本经营收益","财政专户管理的收入","单位自筹"]
[{"$nulls":10},"小计",{"$nulls":3},"小计","事业收入","事业单位经营收入","上级补助收入","附属单位上缴收入","其他收入"]
[1,2,3,4,5,6,7,8,9,10,11,12,13,14,15,16,17,18,19,20]
["","","","","","","","","","","","","","","","","","","",""]
["合  计",{"$nulls":8},"","","","","","","","","","",""]
["备注：此表无数据"]

{"sheet":"市对下转移支付预算表","index":12,"n_rows":9,"n_cols":24,"rows_kept":9,"merged":[[1,0,1,23],[2,0,2,8],[3,0,4,0],[3,1,3,3],[3,4,3,23]]}
[{"$nulls":23},"09-1表"]
["2024年市对下转移支付预算表"]
["单位名称：云南省精神病医院",{"$nulls":22},"单位：元"]
["单位名称（项目）","资金来源",null,null,"地区"]
[null,"合计","一般公共预算","政府性基金","盘龙区","五华区","西山区","官渡区","呈贡区","晋宁区","东川区","富民县","宜良县","石林县","禄劝县","寻甸县","高新区","滇池旅游度假区","阳宗海管委会","滇中新区","安宁市","经开区","嵩明县","磨憨经济合作区"]
[1,2,3,4,5,6,7,8,9,10,11,12,13,14,15,16,17,18,19,20,21,22,23,24]
["","","","","","","","","","","","","","","","","","","","","","","",""]
["","","","","","","","","","","","","","","","","","","","","","","",""]
["备注：此表无数据"]

{"sheet":"市对下转移支付绩效目标表","index":13,"n_rows":8,"n_cols":10,"rows_kept":8,"merged":[[1,0,1,9],[2,0,2,7]]}
[{"$nulls":9},"09-2表"]
["2024年市对下转移支付绩效目标表"]
["单位名称：云南省精神病医院"]
["单位名称、项目名称","项目年度绩效目标","一级指标","二级指标","三级指标","指标性质","指标值","度量单位","指标属性","指标内容"]
[1,2,3,4,5,6,7,8,9,10]
[""]
["","","","","","","","","",""]
["备注：此表无数据"]

{"sheet":"新增资产配置表","index":14,"n_rows":157,"n_cols":9,"rows_kept":157,"merged":[[1,0,1,8],[2,0,2,2],[2,4,2,8],[3,0,4,0],[3,1,4,1],[3,2,4,2],[3,3,4,3],[3,4,4,4],[3,5,4,5],[3,6,3,8],[156,0,156,5]]}
[{"$nulls":8},"10表"]
["2024年新增资产配置表"]
["单位名称：云南省精神病医院",{"$nulls":3},"单位：元"]
["主管部门","单位名称","资产类别","资产分类代码.名称","资产名称","计量单位","财政部门批复数（元）"]
[{"$nulls":6},"数量","单价","金额"]
["1",2,"3","4","5","6","7","8","9"]
["昆明市卫生健康委员会","云南省精神病医院","设备","A02010105 台式计算机","台式计算机","台",92,{"v":5000,"d":"5,000.00"},{"v":460000,"d":"460,000.00"}]
["昆明市卫生健康委员会","云南省精神病医院","设备","A02010108 便携式计算机","便携式计算机","台",1,{"v":7000,"d":"7,000.00"},{"v":7000,"d":"7,000.00"}]
["昆明市卫生健康委员会","云南省精神病医院","设备","A02010109 平板式计算机","平板式计算机","台",4,{"v":2000,"d":"2,000.00"},{"v":8000,"d":"8,000.00"}]
["昆明市卫生健康委员会","云南省精神病医院","设备","A02010508 移动存储设备","移动存储设备","台",4,{"v":1000,"d":"1,000.00"},{"v":4000,"d":"4,000.00"}]
["昆明市卫生健康委员会","云南省精神病医院","设备","A02010599 其他存储设备","其他存储设备","台",2,{"v":150000,"d":"150,000.00"},{"v":300000,"d":"300,000.00"}]
["昆明市卫生健康委员会","云南省精神病医院","设备","A02010599 其他存储设备","其他存储设备","台",1,{"v":2400000,"d":"2,400,000.00"},{"v":2400000,"d":"2,400,000.00"}]
["昆明市卫生健康委员会","云南省精神病医院","设备","A02019900 其他信息化设备","其他信息化设备","台",3,{"v":1800,"d":"1,800.00"},{"v":5400,"d":"5,400.00"}]
["昆明市卫生健康委员会","云南省精神病医院","设备","A02020200 投影仪","投影仪","台",4,{"v":10000,"d":"10,000.00"},{"v":40000,"d":"40,000.00"}]
["昆明市卫生健康委员会","云南省精神病医院","设备","A02020400 多功能一体机","多功能一体机","台",4,{"v":2500,"d":"2,500.00"},{"v":10000,"d":"10,000.00"}]
["昆明市卫生健康委员会","云南省精神病医院","设备","A02021007 条码打印机","条码打印机","台",3,{"v":2000,"d":"2,000.00"},{"v":6000,"d":"6,000.00"}]
["昆明市卫生健康委员会","云南省精神病医院","设备","A02021099 其他打印机","其他打印机","台",11,{"v":2000,"d":"2,000.00"},{"v":22000,"d":"22,000.00"}]
["昆明市卫生健康委员会","云南省精神病医院","设备","A02021099 其他打印机","其他打印机","台",30,{"v":1200,"d":"1,200.00"},{"v":36000,"d":"36,000.00"}]
["昆明市卫生健康委员会","云南省精神病医院","设备","A02021203 装订机","装订机","台",1,{"v":9000,"d":"9,000.00"},{"v":9000,"d":"9,000.00"}]
["昆明市卫生健康委员会","云南省精神病医院","设备","A02029900 其他办公设备","其他办公设备","台",1,{"v":12000,"d":"12,000.00"},{"v":12000,"d":"12,000.00"}]
["昆明市卫生健康委员会","云南省精神病医院","设备","A02029900 其他办公设备","其他办公设备","台",1,{"v":17000,"d":"17,000.00"},{"v":17000,"d":"17,000.00"}]
["昆明市卫生健康委员会","云南省精神病医院","设备","A02029900 其他办公设备","其他办公设备","台",2,{"v":2000,"d":"2,000.00"},{"v":4000,"d":"4,000.00"}]
["昆明市卫生健康委员会","云南省精神病医院","设备","A02059900 其他机械设备","其他机械设备","台",2,{"v":15000,"d":"15,000.00"},{"v":30000,"d":"30,000.00"}]
["昆明市卫生健康委员会","云南省精神病医院","设备","A02059900 其他机械设备","其他机械设备","台",1,{"v":150000,"d":"150,000.00"},{"v":150000,"d":"150,000.00"}]
["昆明市卫生健康委员会","云南省精神病医院","设备","A02060400 变频设备","变频设备","台",1,{"v":25000,"d":"25,000.00"},{"v":25000,"d":"25,000.00"}]
["昆明市卫生健康委员会","云南省精神病医院","设备","A02061801 电冰箱","电冰箱","台",2,{"v":99000,"d":"99,000.00"},{"v":198000,"d":"198,000.00"}]
["昆明市卫生健康委员会","云南省精神病医院","设备","A02061801 电冰箱","电冰箱","台",1,{"v":2000,"d":"2,000.00"},{"v":2000,"d":"2,000.00"}]
["昆明市卫生健康委员会","云南省精神病医院","设备","A02061801 电冰箱","电冰箱","台",4,{"v":1000,"d":"1,000.00"},{"v":4000,"d":"4,000.00"}]
["昆明市卫生健康委员会","云南省精神病医院","设备","A02061802 风扇","风扇","台",8,{"v":300,"d":"300.00"},{"v":2400,"d":"2,400.00"}]
["昆明市卫生健康委员会","云南省精神病医院","设备","A02061804 空调机","空调机","台",3,{"v":3000,"d":"3,000.00"},{"v":9000,"d":"9,000.00"}]
["昆明市卫生健康委员会","云南省精神病医院","设备","A02061804 空调机","空调机","台",3,{"v":30000,"d":"30,000.00"},{"v":90000,"d":"90,000.00"}]
["昆明市卫生健康委员会","云南省精神病医院","设备","A02061811 吸尘器","吸尘器","台",2,{"v":1000,"d":"1,000.00"},{"v":2000,"d":"2,000.00"}]
["昆明市卫生健康委员会","云南省精神病医院","设备","A02061819 热水器","热水器","台",1,{"v":3600,"d":"3,600.00"},{"v":3600,"d":"3,600.00"}]
["昆明市卫生健康委员会","云南省精神病医院","设备","A02061899 其他生活用电器","其他生活用电器","台",88,{"v":240,"d":"240.00"},{"v":21120,"d":"21,120.00"}]
["昆明市卫生健康委员会","云南省精神病医院","设备","A02061899 其他生活用电器","其他生活用电器","台",5,{"v":5000,"d":"5,000.00"},{"v":25000,"d":"25,000.00"}]
["昆明市卫生健康委员会","云南省精神病医院","设备","A02061899 其他生活用电器","其他生活用电器","台",2,{"v":2500,"d":"2,500.00"},{"v":5000,"d":"5,000.00"}]
["昆明市卫生健康委员会","云南省精神病医院","设备","A02061899 其他生活用电器","其他生活用电器","台",1,{"v":3000,"d":"3,000.00"},{"v":3000,"d":"3,000.00"}]
["昆明市卫生健康委员会","云南省精神病医院","设备","A02061899 其他生活用电器","其他生活用电器","台",2,{"v":5000,"d":"5,000.00"},{"v":10000,"d":"10,000.00"}]
["昆明市卫生健康委员会","云南省精神病医院","设备","A02061899 其他生活用电器","其他生活用电器","台",23,{"v":270,"d":"270.00"},{"v":6210,"d":"6,210.00"}]
["昆明市卫生健康委员会","云南省精神病医院","设备","A02061899 其他生活用电器","其他生活用电器","台",1,{"v":3000,"d":"3,000.00"},{"v":3000,"d":"3,000.00"}]
["昆明市卫生健康委员会","云南省精神病医院","设备","A02069900 其他电气设备","其他电气设备","台",1,{"v":5000,"d":"5,000.00"},{"v":5000,"d":"5,000.00"}]
["昆明市卫生健康委员会","云南省精神病医院","设备","A02069900 其他电气设备","其他电气设备","台",4,{"v":5000,"d":"5,000.00"},{"v":20000,"d":"20,000.00"}]
["昆明市卫生健康委员会","云南省精神病医院","设备","A02069900 其他电气设备","其他电气设备","台",4,{"v":2000,"d":"2,000.00"},{"v":8000,"d":"8,000.00"}]
["昆明市卫生健康委员会","云南省精神病医院","设备","A02069900 其他电气设备","其他电气设备","台",1,{"v":30000,"d":"30,000.00"},{"v":30000,"d":"30,000.00"}]
["昆明市卫生健康委员会","云南省精神病医院","设备","A02080899 其他视频会议系统设备","其他视频会议系统设备","台",1,{"v":800000,"d":"800,000.00"},{"v":800000,"d":"800,000.00"}]
["昆明市卫生健康委员会","云南省精神病医院","设备","A02081001 文件(图文)传真机","文件(图文)传真机","台",2,{"v":2500,"d":"2,500.00"},{"v":5000,"d":"5,000.00"}]
["昆明市卫生健康委员会","云南省精神病医院","设备","A02089900 其他通信设备","其他通信设备","台",3,{"v":1200,"d":"1,200.00"},{"v":3600,"d":"3,600.00"}]
["昆明市卫生健康委员会","云南省精神病医院","设备","A02089900 其他通信设备","其他通信设备","台",20,{"v":1000,"d":"1,000.00"},{"v":20000,"d":"20,000.00"}]
["昆明市卫生健康委员会","云南省精神病医院","设备","A02089900 其他通信设备","其他通信设备","台",1,{"v":130000,"d":"130,000.00"},{"v":130000,"d":"130,000.00"}]
["昆明市卫生健康委员会","云南省精神病医院","设备","A02091110 字幕机","字幕机","台",2,{"v":7500,"d":"7,500.00"},{"v":15000,"d":"15,000.00"}]
["昆明市卫生健康委员会","云南省精神病医院","设备","A02091299 其他音频设备","其他音频设备","台",2,{"v":5000,"d":"5,000.00"},{"v":10000,"d":"10,000.00"}]
["昆明市卫生健康委员会","云南省精神病医院","设备","A02100301 显微镜","显微镜","台",1,{"v":80000,"d":"80,000.00"},{"v":80000,"d":"80,000.00"}]
["昆明市卫生健康委员会","云南省精神病医院","设备","A02320300 医用电子生理参数检测仪器设备","医用电子生理参数检测仪器设备","台",4,{"v":460000,"d":"460,000.00"},{"v":1840000,"d":"1,840,000.00"}]
["昆明市卫生健康委员会","云南省精神病医院","设备","A02320300 医用电子生理参数检测仪器设备","医用电子生理参数检测仪器设备","台",1,{"v":20000,"d":"20,000.00"},{"v":20000,"d":"20,000.00"}]
["昆明市卫生健康委员会","云南省精神病医院","设备","A02320300 医用电子生理参数检测仪器设备","医用电子生理参数检测仪器设备","台",1,{"v":23000,"d":"23,000.00"},{"v":23000,"d":"23,000.00"}]
["昆明市卫生健康委员会","云南省精神病医院","设备","A02320300 医用电子生理参数检测仪器设备","医用电子生理参数检测仪器设备","台",1,{"v":400000,"d":"400,000.00"},{"v":400000,"d":"400,000.00"}]
["昆明市卫生健康委员会","云南省精神病医院","设备","A02320300 医用电子生理参数检测仪器设备","医用电子生理参数检测仪器设备","台",1,{"v":300000,"d":"300,000.00"},{"v":300000,"d":"300,000.00"}]
["昆明市卫生健康委员会","云南省精神病医院","设备","A02320300 医用电子生理参数检测仪器设备","医用电子生理参数检测仪器设备","台",2,{"v":250000,"d":"250,000.00"},{"v":500000,"d":"500,000.00"}]
["昆明市卫生健康委员会","云南省精神病医院","设备","A02320300 医用电子生理参数检测仪器设备","医用电子生理参数检测仪器设备","台",2,{"v":280000,"d":"280,000.00"},{"v":560000,"d":"560,000.00"}]
["昆明市卫生健康委员会","云南省精神病医院","设备","A02320300 医用电子生理参数检测仪器设备","医用电子生理参数检测仪器设备","台",1,{"v":23000,"d":"23,000.00"},{"v":23000,"d":"23,000.00"}]
["昆明市卫生健康委员会","云南省精神病医院","设备","A02320300 医用电子生理参数检测仪器设备","医用电子生理参数检测仪器设备","台",2,{"v":350000,"d":"350,000.00"},{"v":700000,"d":"700,000.00"}]
["昆明市卫生健康委员会","云南省精神病医院","设备","A02320300 医用电子生理参数检测仪器设备","医用电子生理参数检测仪器设备","台",2,{"v":400000,"d":"400,000.00"},{"v":800000,"d":"800,000.00"}]
["昆明市卫生健康委员会","云南省精神病医院","设备","A02320300 医用电子生理参数检测仪器设备","医用电子生理参数检测仪器设备","台",4,{"v":250000,"d":"250,000.00"},{"v":1000000,"d":"1,000,000.00"}]
["昆明市卫生健康委员会","云南省精神病医院","设备","A02320500 医用超声波仪器及设备","医用超声波仪器及设备","台",1,{"v":150000,"d":"150,000.00"},{"v":150000,"d":"150,000.00"}]
["昆明市卫生健康委员会","云南省精神病医院","设备","A02320700 医用内窥镜","医用内窥镜","台",2,{"v":5000,"d":"5,000.00"},{"v":10000,"d":"10,000.00"}]
["昆明市卫生健康委员会","云南省精神病医院","设备","A02320700 医用内窥镜","医用内窥镜","台",1,{"v":20000,"d":"20,000.00"},{"v":20000,"d":"20,000.00"}]
["昆明市卫生健康委员会","云南省精神病医院","设备","A02320800 物理治疗、康复及体育治疗仪器设备","物理治疗、康复及体育治疗仪器设备","台",2,{"v":10000,"d":"10,000.00"},{"v":20000,"d":"20,000.00"}]
["昆明市卫生健康委员会","云南省精神病医院","设备","A02320800 物理治疗、康复及体育治疗仪器设备","物理治疗、康复及体育治疗仪器设备","台",2,{"v":300000,"d":"300,000.00"},{"v":600000,"d":"600,000.00"}]
["昆明市卫生健康委员会","云南省精神病医院","设备","A02320800 物理治疗、康复及体育治疗仪器设备","物理治疗、康复及体育治疗仪器设备","台",1,{"v":150000,"d":"150,000.00"},{"v":150000,"d":"150,000.00"}]
["昆明市卫生健康委员会","云南省精神病医院","设备","A02320800 物理治疗、康复及体育治疗仪器设备","物理治疗、康复及体育治疗仪器设备","台",2,{"v":5000,"d":"5,000.00"},{"v":10000,"d":"10,000.00"}]
["昆明市卫生健康委员会","云南省精神病医院","设备","A02321200 医用X线诊断设备","医用X线诊断设备","台",1,{"v":1500000,"d":"1,500,000.00"},{"v":1500000,"d":"1,500,000.00"}]
["昆明市卫生健康委员会","云南省精神病医院","设备","A02321900 临床检验设备","临床检验设备","台",1,{"v":3100000,"d":"3,100,000.00"},{"v":3100000,"d":"3,100,000.00"}]
["昆明市卫生健康委员会","云南省精神病医院","设备","A02322500 急救和生命支持设备","急救和生命支持设备","台",4,{"v":20000,"d":"20,000.00"},{"v":80000,"d":"80,000.00"}]
["昆明市卫生健康委员会","云南省精神病医院","设备","A02322500 急救和生命支持设备","急救和生命支持设备","台",1,{"v":350000,"d":"350,000.00"},{"v":350000,"d":"350,000.00"}]
["昆明市卫生健康委员会","云南省精神病医院","设备","A02322700 病房护理及医院设备","病房护理及医院设备","台",1,{"v":185000,"d":"185,000.00"},{"v":185000,"d":"185,000.00"}]
["昆明市卫生健康委员会","云南省精神病医院","设备","A02322800 消毒灭菌设备及器具","消毒灭菌设备及器具","台",1,{"v":190000,"d":"190,000.00"},{"v":190000,"d":"190,000.00"}]
["昆明市卫生健康委员会","云南省精神病医院","设备","A02322900 医用低温、冷疗设备","医用低温、冷疗设备","台",1,{"v":400000,"d":"400,000.00"},{"v":400000,"d":"400,000.00"}]
["昆明市卫生健康委员会","云南省精神病医院","设备","A02322900 医用低温、冷疗设备","医用低温、冷疗设备","台",4,{"v":2000,"d":"2,000.00"},{"v":8000,"d":"8,000.00"}]
["昆明市卫生健康委员会","云南省精神病医院","设备","A02323500 医疗设备零部件","医疗设备零部件","台",1,{"v":29000,"d":"29,000.00"},{"v":29000,"d":"29,000.00"}]
["昆明市卫生健康委员会","云南省精神病医院","设备","A02323500 医疗设备零部件","医疗设备零部件","台",7,{"v":100,"d":"100.00"},{"v":700,"d":"700.00"}]
["昆明市卫生健康委员会","云南省精神病医院","设备","A02329900 其他医疗设备","其他医疗设备","台",2,{"v":10000,"d":"10,000.00"},{"v":20000,"d":"20,000.00"}]
["昆明市卫生健康委员会","云南省精神病医院","设备","A02329900 其他医疗设备","其他医疗设备","台",1,{"v":480000,"d":"480,000.00"},{"v":480000,"d":"480,000.00"}]
["昆明市卫生健康委员会","云南省精神病医院","设备","A02329900 其他医疗设备","其他医疗设备","台",1,{"v":15000,"d":"15,000.00"},{"v":15000,"d":"15,000.00"}]
["昆明市卫生健康委员会","云南省精神病医院","设备","A02329900 其他医疗设备","其他医疗设备","台",1,{"v":90000,"d":"90,000.00"},{"v":90000,"d":"90,000.00"}]
["昆明市卫生健康委员会","云南省精神病医院","设备","A02329900 其他医疗设备","其他医疗设备","台",1,{"v":100000,"d":"100,000.00"},{"v":100000,"d":"100,000.00"}]
["昆明市卫生健康委员会","云南省精神病医院","设备","A02329900 其他医疗设备","其他医疗设备","台",1,{"v":750,"d":"750.00"},{"v":750,"d":"750.00"}]
["昆明市卫生健康委员会","云南省精神病医院","设备","A02329900 其他医疗设备","其他医疗设备","台",1,{"v":50000,"d":"50,000.00"},{"v":50000,"d":"50,000.00"}]
["昆明市卫生健康委员会","云南省精神病医院","设备","A02329900 其他医疗设备","其他医疗设备","台",1,{"v":300,"d":"300.00"},{"v":300,"d":"300.00"}]
["昆明市卫生健康委员会","云南省精神病医院","设备","A02329900 其他医疗设备","其他医疗设备","台",1,{"v":5000,"d":"5,000.00"},{"v":5000,"d":"5,000.00"}]
["昆明市卫生健康委员会","云南省精神病医院","设备","A02329900 其他医疗设备","其他医疗设备","台",1,{"v":120000,"d":"120,000.00"},{"v":120000,"d":"120,000.00"}]
["昆明市卫生健康委员会","云南省精神病医院","设备","A02329900 其他医疗设备","其他医疗设备","台",1,{"v":10000,"d":"10,000.00"},{"v":10000,"d":"10,000.00"}]
["昆明市卫生健康委员会","云南省精神病医院","设备","A02329900 其他医疗设备","其他医疗设备","台",1,{"v":4000,"d":"4,000.00"},{"v":4000,"d":"4,000.00"}]
["昆明市卫生健康委员会","云南省精神病医院","设备","A02329900 其他医疗设备","其他医疗设备","台",1,{"v":700,"d":"700.00"},{"v":700,"d":"700.00"}]
["昆明市卫生健康委员会","云南省精神病医院","设备","A02329900 其他医疗设备","其他医疗设备","台",1,{"v":50000,"d":"50,000.00"},{"v":50000,"d":"50,000.00"}]
["昆明市卫生健康委员会","云南省精神病医院","设备","A02329900 其他医疗设备","其他医疗设备","台",1,{"v":150000,"d":"150,000.00"},{"v":150000,"d":"150,000.00"}]
["昆明市卫生健康委员会","云南省精神病医院","设备","A02329900 其他医疗设备","其他医疗设备","台",2,{"v":3000,"d":"3,000.00"},{"v":6000,"d":"6,000.00"}]
["昆明市卫生健康委员会","云南省精神病医院","设备","A02329900 其他医疗设备","其他医疗设备","台",7,{"v":250,"d":"250.00"},{"v":1750,"d":"1,750.00"}]
["昆明市卫生健康委员会","云南省精神病医院","设备","A02329900 其他医疗设备","其他医疗设备","台",1,{"v":80000,"d":"80,000.00"},{"v":80000,"d":"80,000.00"}]
["昆明市卫生健康委员会","云南省精神病医院","设备","A02349900 其他安全生产设备","其他安全生产设备","台",2,{"v":15000,"d":"15,000.00"},{"v":30000,"d":"30,000.00"}]
["昆明市卫生健康委员会","云南省精神病医院","设备","A02370900 防护防暴装备","防护防暴装备","套",6,{"v":1000,"d":"1,000.00"},{"v":6000,"d":"6,000.00"}]
["昆明市卫生健康委员会","云南省精神病医院","设备","A02370900 防护防暴装备","防护防暴装备","套",6,{"v":800,"d":"800.00"},{"v":4800,"d":"4,800.00"}]
["昆明市卫生健康委员会","云南省精神病医院","图书和档案","A04019900 其他图书","其他图书","套",1,{"v":80000,"d":"80,000.00"},{"v":80000,"d":"80,000.00"}]
["昆明市卫生健康委员会","云南省精神病医院","家具和用品","A05010104 木制床类","木制床类","套",6,{"v":2000,"d":"2,000.00"},{"v":12000,"d":"12,000.00"}]
["昆明市卫生健康委员会","云南省精神病医院","家具和用品","A05010199 其他床类","其他床类","套",1,{"v":1500,"d":"1,500.00"},{"v":1500,"d":"1,500.00"}]
["昆明市卫生健康委员会","云南省精神病医院","家具和用品","A05010199 其他床类","其他床类","套",2,{"v":8000,"d":"8,000.00"},{"v":16000,"d":"16,000.00"}]
["昆明市卫生健康委员会","云南省精神病医院","家具和用品","A05010199 其他床类","其他床类","套",10,{"v":1500,"d":"1,500.00"},{"v":15000,"d":"15,000.00"}]
["昆明市卫生健康委员会","云南省精神病医院","家具和用品","A05010201 办公桌","办公桌","套",2,{"v":1400,"d":"1,400.00"},{"v":2800,"d":"2,800.00"}]
["昆明市卫生健康委员会","云南省精神病医院","家具和用品","A05010201 办公桌","办公桌","套",13,{"v":900,"d":"900.00"},{"v":11700,"d":"11,700.00"}]
["昆明市卫生健康委员会","云南省精神病医院","家具和用品","A05010299 其他台、桌类","其他台、桌类","套",3,{"v":500,"d":"500.00"},{"v":1500,"d":"1,500.00"}]
["昆明市卫生健康委员会","云南省精神病医院","家具和用品","A05010299 其他台、桌类","其他台、桌类","套",5,{"v":500,"d":"500.00"},{"v":2500,"d":"2,500.00"}]
["昆明市卫生健康委员会","云南省精神病医院","家具和用品","A05010301 办公椅","办公椅","个",209,{"v":300,"d":"300.00"},{"v":62700,"d":"62,700.00"}]
["昆明市卫生健康委员会","云南省精神病医院","家具和用品","A05010304 教学、实验椅凳","教学、实验椅凳","套",6,{"v":2500,"d":"2,500.00"},{"v":15000,"d":"15,000.00"}]
["昆明市卫生健康委员会","云南省精神病医院","家具和用品","A05010304 教学、实验椅凳","教学、实验椅凳","套",6,{"v":1700,"d":"1,700.00"},{"v":10200,"d":"10,200.00"}]
["昆明市卫生健康委员会","云南省精神病医院","家具和用品","A05010304 教学、实验椅凳","教学、实验椅凳","套",32,{"v":1100,"d":"1,100.00"},{"v":35200,"d":"35,200.00"}]
["昆明市卫生健康委员会","云南省精神病医院","家具和用品","A05010304 教学、实验椅凳","教学、实验椅凳","套",4,{"v":4000,"d":"4,000.00"},{"v":16000,"d":"16,000.00"}]
["昆明市卫生健康委员会","云南省精神病医院","家具和用品","A05010399 其他椅凳类","其他椅凳类","套",40,{"v":150,"d":"150.00"},{"v":6000,"d":"6,000.00"}]
["昆明市卫生健康委员会","云南省精神病医院","家具和用品","A05010399 其他椅凳类","其他椅凳类","套",4,{"v":300,"d":"300.00"},{"v":1200,"d":"1,200.00"}]
["昆明市卫生健康委员会","云南省精神病医院","家具和用品","A05010399 其他椅凳类","其他椅凳类","套",50,{"v":150,"d":"150.00"},{"v":7500,"d":"7,500.00"}]
["昆明市卫生健康委员会","云南省精神病医院","家具和用品","A05010399 其他椅凳类","其他椅凳类","套",20,{"v":90,"d":"90.00"},{"v":1800,"d":"1,800.00"}]
["昆明市卫生健康委员会","云南省精神病医院","家具和用品","A05010499 其他沙发类","其他沙发类","套",5,{"v":3000,"d":"3,000.00"},{"v":15000,"d":"15,000.00"}]
["昆明市卫生健康委员会","云南省精神病医院","家具和用品","A05010499 其他沙发类","其他沙发类","套",4,{"v":4200,"d":"4,200.00"},{"v":16800,"d":"16,800.00"}]
["昆明市卫生健康委员会","云南省精神病医院","家具和用品","A05010499 其他沙发类","其他沙发类","套",1,{"v":10000,"d":"10,000.00"},{"v":10000,"d":"10,000.00"}]
["昆明市卫生健康委员会","云南省精神病医院","家具和用品","A05010499 其他沙发类","其他沙发类","套",2,{"v":1000,"d":"1,000.00"},{"v":2000,"d":"2,000.00"}]
["昆明市卫生健康委员会","云南省精神病医院","家具和用品","A05010499 其他沙发类","其他沙发类","套",30,{"v":300,"d":"300.00"},{"v":9000,"d":"9,000.00"}]
["昆明市卫生健康委员会","云南省精神病医院","家具和用品","A05010502 文件柜","文件柜","套",16,{"v":1000,"d":"1,000.00"},{"v":16000,"d":"16,000.00"}]
["昆明市卫生健康委员会","云南省精神病医院","家具和用品","A05010504 保密柜","保密柜","套",1,{"v":3000,"d":"3,000.00"},{"v":3000,"d":"3,000.00"}]
["昆明市卫生健康委员会","云南省精神病医院","家具和用品","A05010599 其他柜类","其他柜类","套",2,{"v":3000,"d":"3,000.00"},{"v":6000,"d":"6,000.00"}]
["昆明市卫生健康委员会","云南省精神病医院","家具和用品","A05010599 其他柜类","其他柜类","套",13,{"v":1500,"d":"1,500.00"},{"v":19500,"d":"19,500.00"}]
["昆明市卫生健康委员会","云南省精神病医院","家具和用品","A05010599 其他柜类","其他柜类","套",1,{"v":2000,"d":"2,000.00"},{"v":2000,"d":"2,000.00"}]
["昆明市卫生健康委员会","云南省精神病医院","家具和用品","A05010599 其他柜类","其他柜类","套",47,{"v":450,"d":"450.00"},{"v":21150,"d":"21,150.00"}]
["昆明市卫生健康委员会","云南省精神病医院","家具和用品","A05010599 其他柜类","其他柜类","套",3,{"v":10000,"d":"10,000.00"},{"v":30000,"d":"30,000.00"}]
["昆明市卫生健康委员会","云南省精神病医院","家具和用品","A05010800 组合家具","组合家具","套",1,{"v":4800,"d":"4,800.00"},{"v":4800,"d":"4,800.00"}]
["昆明市卫生健康委员会","云南省精神病医院","家具和用品","A05019900 其他家具","其他家具","套",4,{"v":2500,"d":"2,500.00"},{"v":10000,"d":"10,000.00"}]
["昆明市卫生健康委员会","云南省精神病医院","家具和用品","A05019900 其他家具","其他家具","套",1,{"v":800,"d":"800.00"},{"v":800,"d":"800.00"}]
["昆明市卫生健康委员会","云南省精神病医院","家具和用品","A05019900 其他家具","其他家具","套",1,{"v":20000,"d":"20,000.00"},{"v":20000,"d":"20,000.00"}]
["昆明市卫生健康委员会","云南省精神病医院","家具和用品","A05019900 其他家具","其他家具","套",3,{"v":3000,"d":"3,000.00"},{"v":9000,"d":"9,000.00"}]
["昆明市卫生健康委员会","云南省精神病医院","家具和用品","A05019900 其他家具","其他家具","套",88,{"v":600,"d":"600.00"},{"v":52800,"d":"52,800.00"}]
["昆明市卫生健康委员会","云南省精神病医院","家具和用品","A05019900 其他家具","其他家具","套",16,{"v":480,"d":"480.00"},{"v":7680,"d":"7,680.00"}]
["昆明市卫生健康委员会","云南省精神病医院","家具和用品","A05049900 其他办公用品","其他办公用品","套",1,{"v":200,"d":"200.00"},{"v":200,"d":"200.00"}]
["昆明市卫生健康委员会","云南省精神病医院","家具和用品","A05049900 其他办公用品","其他办公用品","套",1,{"v":1000,"d":"1,000.00"},{"v":1000,"d":"1,000.00"}]
["昆明市卫生健康委员会","云南省精神病医院","家具和用品","A05049900 其他办公用品","其他办公用品","套",5,{"v":800,"d":"800.00"},{"v":4000,"d":"4,000.00"}]
["昆明市卫生健康委员会","云南省精神病医院","家具和用品","A05049900 其他办公用品","其他办公用品","套",1,{"v":20000,"d":"20,000.00"},{"v":20000,"d":"20,000.00"}]
["昆明市卫生健康委员会","云南省精神病医院","家具和用品","A05049900 其他办公用品","其他办公用品","套",4,{"v":500,"d":"500.00"},{"v":2000,"d":"2,000.00"}]
["昆明市卫生健康委员会","云南省精神病医院","家具和用品","A05049900 其他办公用品","其他办公用品","套",1,{"v":300,"d":"300.00"},{"v":300,"d":"300.00"}]
["昆明市卫生健康委员会","云南省精神病医院","无形资产","A08060303 应用软件","应用软件","套",1,{"v":3000,"d":"3,000.00"},{"v":3000,"d":"3,000.00"}]
["昆明市卫生健康委员会","云南省精神病医院","无形资产","A08060303 应用软件","应用软件","套",1,{"v":6000,"d":"6,000.00"},{"v":6000,"d":"6,000.00"}]
["昆明市卫生健康委员会","云南省精神病医院","无形资产","A08060303 应用软件","应用软件","套",2,{"v":20000,"d":"20,000.00"},{"v":40000,"d":"40,000.00"}]
["昆明市卫生健康委员会","云南省精神病医院","无形资产","A08060303 应用软件","应用软件","套",1,{"v":60000,"d":"60,000.00"},{"v":60000,"d":"60,000.00"}]
["昆明市卫生健康委员会","云南省精神病医院","无形资产","A08060303 应用软件","应用软件","套",1,{"v":200000,"d":"200,000.00"},{"v":200000,"d":"200,000.00"}]
["昆明市卫生健康委员会","云南省精神病医院","无形资产","A08060303 应用软件","应用软件","套",1,{"v":450000,"d":"450,000.00"},{"v":450000,"d":"450,000.00"}]
["昆明市卫生健康委员会","云南省精神病医院","无形资产","A08060303 应用软件","应用软件","套",1,{"v":26000,"d":"26,000.00"},{"v":26000,"d":"26,000.00"}]
["昆明市卫生健康委员会","云南省精神病医院","无形资产","A08060303 应用软件","应用软件","套",1,{"v":10000,"d":"10,000.00"},{"v":10000,"d":"10,000.00"}]
["昆明市卫生健康委员会","云南省精神病医院","无形资产","A08060303 应用软件","应用软件","套",1,{"v":800000,"d":"800,000.00"},{"v":800000,"d":"800,000.00"}]
["昆明市卫生健康委员会","云南省精神病医院","无形资产","A08060303 应用软件","应用软件","套",1,{"v":450000,"d":"450,000.00"},{"v":450000,"d":"450,000.00"}]
["昆明市卫生健康委员会","云南省精神病医院","无形资产","A08060303 应用软件","应用软件","套",1,{"v":190000,"d":"190,000.00"},{"v":190000,"d":"190,000.00"}]
["昆明市卫生健康委员会","云南省精神病医院","无形资产","A08060303 应用软件","应用软件","套",1,{"v":800000,"d":"800,000.00"},{"v":800000,"d":"800,000.00"}]
["合计",{"$nulls":5},{"v":1129,"d":"1,129"},{"v":17616530,"d":"17,616,530.00"},{"v":22865960,"d":"22,865,960.00"}]

{"sheet":"上级补助项目支出预算表","index":15,"n_rows":11,"n_cols":11,"rows_kept":11,"merged":[[1,0,1,10],[2,0,2,6],[3,0,5,0],[3,1,5,1],[3,2,5,2],[3,3,5,3],[3,4,5,4],[3,5,5,5],[3,6,5,6],[3,7,5,7],[3,8,3,10],[4,8,5,8],[4,9,5,9],[4,10,5,10],[9,0,9,6]]}
[{"$nulls":10},"11表"]
["2024年上级补助项目支出预算表"]
["单位名称：云南省精神病医院",{"$nulls":9},"单位：元"]
["项目分类","项目名称","项目单位","功能科目编码","功能科目名称","经济科目编码","经济科目名称","合计","上级补助"]
[{"$nulls":8},"一般公共预算","政府性基金预算","国有资本经营预算"]
[{"$nulls":8},"小计"]
[1,2,3,4,5,6,7,8,9,10,11]
[null,"",{"$nulls":5},"","","",""]
["","","","","","","","","","",""]
["合  计",{"$nulls":6},"","","",""]
["备注：此表无数据"]

{"sheet":"部门项目中期规划预算表","index":16,"n_rows":11,"n_cols":7,"rows_kept":11,"merged":[[1,0,1,6],[2,0,2,3],[3,0,5,0],[3,1,5,1],[3,2,5,2],[3,3,5,3],[3,4,3,6],[4,4,5,4],[4,5,5,5],[4,6,5,6],[9,0,9,3]]}
[{"$nulls":6},"12表"]
["2024年部门项目中期规划预算表"]
["单位名称：云南省精神病医院",{"$nulls":5},"单位：元"]
["项目单位","项目分类","项目名称","项目级次","一般公共预算"]
[{"$nulls":4},"2024年","2025年","2026年"]
[{"$nulls":5},"小计"]
[1,2,3,4,5,6,7]
["",{"$nulls":3},"","",""]
[null,"","","","","",""]
["合计","",null,null,"","",""]
["备注：此表无数据"]